{"text_format":"3","workbook":"xlsx","n_sheets":7,"sheets":["表-04 单位工程招标控制价汇总表","表-08 分部分项工程和单价措施项目清单与计价表(含分部小计)","1.1.1综合单价计算表","表-11 总价措施项目清单与计价表","表-12 其他项目清单与计价汇总表","表-13 规费、税金项目清单与计价表","5.1-1单位工程人材机汇总表"],"read":"whole","date_system":"1900"}

{"sheet":"表-04 单位工程招标控制价汇总表","index":0,"n_rows":34,"n_cols":5,"rows_kept":34,"merged":[[0,0,0,4],[1,0,1,1],[1,2,1,3],[2,1,2,2],[2,3,2,4],[3,1,3,2],[3,3,3,4],[4,1,4,2],[4,3,4,4],[5,1,5,2],[5,3,5,4],[6,1,6,2],[6,3,6,4],[7,1,7,2],[7,3,7,4],[8,1,8,2],[8,3,8,4],[9,1,9,2],[9,3,9,4],[10,1,10,2],[10,3,10,4],[11,1,11,2],[11,3,11,4],[12,1,12,2],[12,3,12,4],[13,1,13,2],[13,3,13,4],[14,1,14,2],[14,3,14,4],[15,1,15,2],[15,3,15,4],[16,1,16,2],[16,3,16,4],[17,1,17,2],[17,3,17,4],[18,1,18,2],[18,3,18,4],[19,1,19,2],[19,3,19,4],[20,1,20,2],[20,3,20,4],[21,1,21,2],[21,3,21,4],[22,1,22,2],[22,3,22,4],[23,1,23,2],[23,3,23,4],[24,1,24,2],[24,3,24,4],[25,1,25,2],[25,3,25,4],[26,1,26,2],[26,3,26,4],[27,1,27,2],[27,3,27,4],[28,1,28,2],[28,3,28,4],[29,1,29,2],[29,3,29,4],[30,1,30,2],[30,3,30,4],[31,1,31,2],[31,3,31,4],[32,0,32,2],[32,3,32,4],[33,0,33,1],[33,2,33,3]]}
["单位工程预算价汇总表"]
["工程名称：南村镇黑臭水体治理迎检应急工程",null,"标段：",null,"第 1 页  共 1 页"]
["序号","汇总内容",null,"金额:(元)"]
["1","分部分项合计",null,628354.5]
["1.1","陈边村片区",null,166876.67]
["1.2","华南新城片区",null,335564.67]
["1.3","江南村片区",null,34594.66]
["1.4","南雅路片区",null,6129.19]
["1.5","罗边市场片区",null,3170.1]
["1.6","官堂村片区",null,465.23]
["1.7","市新公路片区",null,30593.94]
["1.8","河堤旁堤身修复",null,14316.49]
["1.9","里仁洞片区",null,4063.79]
["1.10","坑头村片区",null,32579.76]
["2","措施合计",null,252002.71]
["2.1","绿色施工安全防护措施费",null,48511.72]
["2.2","其他措施费",null,203490.99]
["3","其他项目",null,14700.52]
["3.1","暂列金额"]
["3.2","暂估价"]
["3.3","计日工"]
["3.4","总承包服务费"]
["3.5","预算包干费",null,14700.52]
["3.6","工程优质费"]
["3.7","概算幅度差"]
["3.8","索赔费用"]
["3.9","现场签证费用"]
["3.10","其他费用"]
["4","税前工程造价",null,895057.73]
["5","增值税销项税额",null,80555.2]
["6","总造价",null,975612.93]
["7","人工费",null,233065.08]
["合计=1+2+3+5",null,null,"975,612.93"]
[{"$nulls":4},"表—04"]

{"sheet":"表-08 分部分项工程和单价措施项目清单与计价表(含分部小计)","index":1,"n_rows":111,"n_cols":10,"rows_kept":111,"merged":[[0,0,0,9],[1,0,1,3],[1,4,1,6],[1,7,1,9],[2,0,3,0],[2,1,3,1],[2,2,3,2],[2,3,3,4],[2,5,3,5],[2,6,3,7],[2,8,2,9],[3,8,3,8],[3,9,3,9],[4,3,4,4],[4,6,4,7],[5,3,5,4],[5,6,5,7],[6,3,6,4],[6,6,6,7],[7,3,7,4],[7,6,7,7],[8,3,8,4],[8,6,8,7],[9,3,9,4],[9,6,9,7],[10,3,10,4],[10,6,10,7],[11,3,11,4],[11,6,11,7],[12,3,12,4],[12,6,12,7],[13,3,13,4],[13,6,13,7],[14,3,14,4],[14,6,14,7],[15,3,15,4],[15,6,15,7],[16,3,16,4],[16,6,16,7],[17,3,17,4],[17,6,17,7],[18,3,18,4],[18,6,18,7],[19,3,19,4],[19,6,19,7],[20,3,20,4],[20,6,20,7],[21,3,21,4],[21,6,21,7],[22,3,22,4],[22,6,22,7],[23,3,23,4],[23,6,23,7],[24,3,24,4],[24,6,24,7],[25,3,25,4],[25,6,25,7],[26,3,26,4],[26,6,26,7],[27,3,27,4],[27,6,27,7],[28,3,28,4],[28,6,28,7],[29,3,29,4],[29,6,29,7],[30,3,30,4],[30,6,30,7],[31,3,31,4],[31,6,31,7],[32,3,32,4],[32,6,32,7],[33,3,33,4],[33,6,33,7],[34,3,34,4],[34,6,34,7],[35,3,35,4],[35,6,35,7],[36,3,36,4],[36,6,36,7],[37,3,37,4],[37,6,37,7],[38,3,38,4],[38,6,38,7],[39,3,39,4],[39,6,39,7],[40,3,40,4],[40,6,40,7],[41,3,41,4],[41,6,41,7],[42,3,42,4],[42,6,42,7],[43,3,43,4],[43,6,43,7],[44,3,44,4],[44,6,44,7],[45,3,45,4],[45,6,45,7],[46,3,46,4],[46,6,46,7],[47,3,47,4],[47,6,47,7],[48,3,48,4],[48,6,48,7],[49,3,49,4],[49,6,49,7],[50,3,50,4],[50,6,50,7],[51,3,51,4],[51,6,51,7],[52,3,52,4],[52,6,52,7],[53,3,53,4],[53,6,53,7],[54,3,54,4],[54,6,54,7],[55,3,55,4],[55,6,55,7],[56,3,56,4],[56,6,56,7],[57,3,57,4],[57,6,57,7],[58,3,58,4],[58,6,58,7],[59,3,59,4],[59,6,59,7],[60,3,60,4],[60,6,60,7],[61,3,61,4],[61,6,61,7],[62,3,62,4],[62,6,62,7],[63,3,63,4],[63,6,63,7],[64,3,64,4],[64,6,64,7],[65,3,65,4],[65,6,65,7],[66,3,66,4],[66,6,66,7],[67,3,67,4],[67,6,67,7],[68,3,68,4],[68,6,68,7],[69,3,69,4],[69,6,69,7],[70,3,70,4],[70,6,70,7],[71,3,71,4],[71,6,71,7],[72,3,72,4],[72,6,72,7],[73,3,73,4],[73,6,73,7],[74,3,74,4],[74,6,74,7],[75,3,75,4],[75,6,75,7],[76,3,76,4],[76,6,76,7],[77,3,77,4],[77,6,77,7],[78,3,78,4],[78,6,78,7],[79,3,79,4],[79,6,79,7],[80,3,80,4],[80,6,80,7],[81,3,81,4],[81,6,81,7],[82,3,82,4],[82,6,82,7],[83,3,83,4],[83,6,83,7],[84,3,84,4],[84,6,84,7],[85,3,85,4],[85,6,85,7],[86,3,86,4],[86,6,86,7],[87,3,87,4],[87,6,87,7],[88,3,88,4],[88,6,88,7],[89,3,89,4],[89,6,89,7],[90,3,90,4],[90,6,90,7],[91,3,91,4],[91,6,91,7],[92,3,92,4],[92,6,92,7],[93,3,93,4],[93,6,93,7],[94,3,94,4],[94,6,94,7],[95,3,95,4],[95,6,95,7],[96,3,96,4],[96,6,96,7],[97,3,97,4],[97,6,97,7],[98,3,98,4],[98,6,98,7],[99,3,99,4],[99,6,99,7],[100,3,100,4],[100,6,100,7],[101,3,101,4],[101,6,101,7],[102,3,102,4],[102,6,102,7],[103,3,103,4],[103,6,103,7],[104,3,104,4],[104,6,104,7],[105,3,105,4],[105,6,105,7],[106,3,106,4],[106,6,106,7],[107,3,107,4],[107,6,107,7],[108,3,108,4],[108,6,108,7],[109,3,109,4],[109,6,109,7],[110,0,110,8]]}
["分部分项工程和单价措施项目清单与计价表"]
["工程名称：南村镇黑臭水体治理迎检应急工程",{"$nulls":3},"标段：",null,null,"第 1 页  共 1 页"]
["序号","项目编码","项目名称","项目特征描述",null,"计量单位","工程量",null,"金额（元）"]
[{"$nulls":8},"综合单价","综合合价"]
[null,null,"陈边村片区"]
[1,"010401003002","蛙人下潜封堵并拆除管口","1.蛙人下潜封堵并拆除管口\n2.管径:DN600",null,"处","1",null,5797.42,5797.42]
[2,"040101002001","挖沟槽土方","1.土壤类别:排水管土方\n2.挖土深度:2m内",null,"m3","353.54",null,7.84,2771.75]
[3,"040103001001","回填方","1.填方材料品种:石屑",null,"m3","282.96",null,241.86,68436.71]
[4,"040305001001","垫层","1.材料品种、规格:砂砾石\n2.厚度:10cm",null,"m3","14.82",null,283.84,4206.51]
[5,"040501001001","混凝土管DN600","1.垫层、基础材质及厚度:120°C20混凝土基础\n2.管座材质:砼\n3.规格:Φ600\n4.接口方式:M20水泥砂浆接口\n5.管道检验及试验要求:闭水试验",null,"m","105.7",null,368.32,38931.42]
[6,"040504001001","污水检查井","1.垫层、基础材质及厚度:150mm厚砂碎石垫层、150mm厚C20底板\n2.砂浆强度等级、配合比:M10水泥砂浆砌筑、1：2水泥砂浆抹面\n3.井盖、井圈材质及规格:球墨铸铁井盖座φ700\n4.井深:2.5m\n5.内附防坠网",null,"座","3",null,3299.61,9898.83]
[7,"040504001002","污水沉砂井","1.垫层、基础材质及厚度:150mm厚砂碎石垫层、150mm厚C20底板\n2.砂浆强度等级、配合比:M10水泥砂浆砌筑、1：2水泥砂浆抹面\n3.井盖、井圈材质及规格:球墨铸铁井盖座φ700\n4.井深:3m\n5.内附防坠网",null,"座","1",null,3566.64,3566.64]
[8,"041001001001","拆除路面","1.材质:6%水泥石屑面层\n2.厚度:20cm",null,"m2","137.2",null,21.73,2981.36]
[9,"041001001002","拆除路面","1.材质:混凝土路面+水泥石屑稳定层\n2.厚度:20cm+10cm",null,"m2","25.4",null,34.91,886.71]
[10,"040203007001","6%水泥石屑路面","1.6%水泥石屑路面\n2.厚度:20cm",null,"m2","137.2",null,67.81,9303.53]
[11,"040203007002","水泥混凝土","1.混凝土强度等级:C30混凝土路面+6%水泥石屑稳定层\n2.厚度:20cm+10cm\n3.水养生",null,"m2","25.4",null,206.23,5238.24]
[12,"040504001003","原检查井与排水管DN600连接","1.凿原有检查井壁\n2.涂聚氯乙烯粘接剂+素灰浆两遍\n3.勾缝、抹面要求:50mm厚1:2水泥砂浆\n4.4φ10环筋\n5.M10砂浆砖砌120上圆拱",null,"座","1",null,305.3,305.3]
[13,"040103002001","余方弃置","1.废弃料品种:土方\n2.运距:15km",null,"m3","383.08",null,37.14,14227.59]
[14,"040103002002","余方弃置","1.废弃料品种:砼碎块碎渣\n2.运距:15km",null,"m3","5.08",null,63.91,324.66]
[null,null,"陈边村片区合计",{"$nulls":6},166876.67]
[null,null,"华南新城片区"]
[15,"050101001001","修剪乔木","1.树干胸径:30cm",null,"株","35",null,185.27,6484.45]
[16,"050101010001","整理绿化用地","1.铲除杂草并清表10cm",null,"m2","305",null,1.89,576.45]
[17,"050101001002","砍伐乔木","1.树干胸径:10cm\n2.挖树头",null,"株","1",null,31.68,31.68]
[18,"050101001003","砍伐乔木","1.树干胸径:30cm\n2.挖树头",null,"株","4",null,228.34,913.36]
[19,"041001008001","拆除混凝土结构","1.结构形式:钢筋砼门框、钢筋砼桥面",null,"m3","17.16",null,159.55,2737.88]
[20,"041001007001","拆除石砌体构件","1.结构形式:台阶及基础、石砌体",null,"m3","498.6",null,121.62,60639.73]
[21,"041001007002","拆除石挡土墙","1.结构形式:石挡土墙",null,"m3","234.01",null,121.62,28460.3]
[22,"040305003001","浆砌块料","1.部位:挡墙\n2.基础:砂石褥垫层+C15钢筋混凝土底板\n3.材料品种、规格:毛石\n4.砂浆强度等级:水泥砂浆M7.5\n5.泄水孔材料品种、规格:塑料管Φ75\n6.滤水层要求:详见大样图\n7.沉降缝要求:沥青木丝板",null,"m","32.4",null,4260.5,138040.2]
[23,"040303016001","混凝土挡墙压顶","1.混凝土强度等级:C30\n2.沉降缝要求:沥青木丝板",null,"m3","3.89",null,980.43,3813.87]
[24,"011201001001","墙面一般抹灰","1.墙体类型:挡土墙外露面\n2.面层厚度、砂浆配合比:20mm M10水泥砂浆",null,"m2","145.8",null,46.55,6786.99]
[25,"040901001001","现浇构件钢筋","1.材料种类:挡土墙底板钢筋\n2.钢筋规格:φ8-12",null,"t","0.359",null,5397.38,1937.66]
[26,"040901001002","现浇构件钢筋","1.材料种类:挡土墙底板箍筋\n2.钢筋规格:φ10-12",null,"t","0.761",null,4712.15,3585.95]
[27,"040901001003","现浇构件钢筋","1.材料种类:压顶钢筋\n2.钢筋规格:φ16",null,"t","0.409",null,5397.38,2207.53]
[28,"040901001004","现浇构件钢筋","1.材料种类:压顶箍筋\n2.钢筋规格:φ8",null,"t","0.56",null,5024.93,2813.96]
[29,"040302001001","圆木桩","1.桩长: 8m\n2.材质:松木\n3.尾径:10cm",null,"根","108",null,228.77,24707.16]
[30,"040309001001","不锈钢护栏","1.栏杆材质、规格:DN60*3mm不锈钢管立柱，DN38*1.2mm不锈钢管横杆，DN25*1mm不锈钢管栏杆",null,"m","10",null,390.97,3909.7]
[31,"040103002003","余方弃置","1.废弃料品种:砼碎块碎渣\n2.运距:15km",null,"m3","749.77",null,63.91,47917.8]
[null,null,"华南新城片区合计",{"$nulls":6},335564.67]
[null,null,"江南村片区"]
[32,"040101002002","挖沟槽土方","1.土壤类别:排水管土方\n2.挖土深度:2m 内",null,"m3","49.14",null,7.84,385.26]
[33,"040103001002","回填方","1.填方材料品种:石屑",null,"m3","31.79",null,241.86,7688.73]
[34,"040305001002","垫层","1.材料品种、规格:砂砾石\n2.厚度:10cm",null,"m3","3.3",null,283.84,936.67]
[35,"040501001002","混凝土管DN600","1.垫层、基础材质及厚度:120°C20混凝土基础\n2.管座材质:砼\n3.规格:Φ600\n4.接口方式:M20水泥砂浆接口\n5.管道检验及试验要求:闭水试验",null,"m","24.6",null,368.32,9060.67]
[36,"040504001004","污水沉砂井","1.垫层、基础材质及厚度:150mm厚砂碎石垫层、150mm厚C20底板\n2.砂浆强度等级、配合比:M10水泥砂浆砌筑、1：2水泥砂浆抹面\n3.井盖、井圈材质及规格:球墨铸铁井盖座φ700\n4.井深:2m\n5.内附防坠网",null,"座","1",null,3006.38,3006.38]
[37,"040504001005","原检查井与排水管DN600连接","1.凿原有检查井壁\n2.涂聚氯乙烯粘接剂+素灰浆两遍\n3.勾缝、抹面要求:50mm厚1:2水泥砂浆\n4.4φ10环筋\n5.M10砂浆砖砌120上圆拱",null,"座","1",null,305.3,305.3]
[38,"041001001003","拆除路面","1.材质:混凝土路面+水泥石屑稳定层\n2.厚度:20cm+10cm",null,"m2","35",null,30.52,1068.2]
[39,"040203007003","水泥混凝土","1.混凝土强度等级:C30混凝土路面+6%水泥石屑稳定层\n2.厚度:20cm+10cm\n3.水养生",null,"m2","35",null,206.23,7218.05]
[40,"011609001001","栏杆、栏板拆除","1.栏杆(板）的高度:1.2m\n2.栏杆、栏板种类:镀锌钢管\n3.基础:砼基础150*150*350mm",null,"m","10",null,27.5,275]
[41,"040309001002","镀锌钢管栏杆","1.栏杆材质、规格:DN50*3.8mm镀锌钢管立柱，DN25*3.2mm镀锌钢管横杆，DN15*2.8mm镀锌钢管栏杆\n2.油漆品种、工艺要求:刷防锈漆底漆面漆各一遍\n3.人工挖土方\n4.基础:C20砼 150*150*350mm",null,"m","10",null,224.15,2241.5]
[42,"040103002004","余方弃置","1.废弃料品种:土方\n2.运距:15km",null,"m3","52.78",null,37.14,1960.25]
[43,"040103002005","余方弃置","1.废弃料品种:砼碎块碎渣\n2.运距:15km",null,"m3","7.02",null,63.91,448.65]
[null,null,"江南村片区合计",{"$nulls":6},34594.66]
[null,null,"南雅路片区"]
[44,"040101005001","提升泵井清淤","1.泵井尺寸:5*2.5*0.8m\n2.运距:15km",null,"m3","10",null,54.25,542.5]
[45,"040101005002","暗渠清淤","1.暗渠尺寸:20*0.8*0.8m\n2.运距:15km",null,"m3","12.8",null,436.46,5586.69]
[null,null,"南雅路片区合计",{"$nulls":6},6129.19]
[null,null,"罗边市场片区"]
[46,"010802001001","镀锌钢门","1.门框或扇外围尺寸:1800*1500mm\n2.门框、扇材质:镀锌钢管DN50*3.8mm\n3.刷防锈漆",null,"m2","8.1",null,391.37,3170.1]
[null,null,"罗边市场片区合计",{"$nulls":6},3170.1]
[null,null,"官堂村片区"]
[47,"040504001007","更换检查井井盖防坠网","1.更换检查井井盖防坠网",null,"座","1",null,465.23,465.23]
[null,null,"官堂村片区合计",{"$nulls":6},465.23]
[null,null,"市新公路片区"]
[48,"040101005003","砼管清淤","1.清淤深度:1/2管\n2.管径:DN600\n3.运距:15km",null,"m","60.5",null,86.97,5261.69]
[49,"040309001003","不锈钢护栏","1.栏杆材质、规格:DN60*3mm不锈钢管立柱，DN38*1.2mm镀锌钢管横杆，DN25*1mm栏杆",null,"m","29",null,384.95,11163.55]
[50,"040101002003","挖沟槽土方","1.土壤类别:沟槽土方\n2.挖土深度:2m 内",null,"m3","315",null,7.84,2469.6]
[51,"040103002008","余方弃置","1.废弃料品种:土方\n2.运距:15km",null,"m3","315",null,37.14,11699.1]
[null,null,"市新公路片区合计",{"$nulls":6},30593.94]
[null,null,"河堤旁堤身修复"]
[52,"040305003002","修复挡土墙","1.部位:修复挡土墙裂缝",null,"m","64",null,151.98,9726.72]
[53,"050101010002","整理绿化用地","1.铲除杂草并清表10cm",null,"m2","10",null,1.89,18.9]
[54,"011602002001","钢筋混凝土构件拆除","1.构件名称:钢筋砼立柱及基础",null,"m3","0.06",null,510.45,30.63]
[55,"010502003001","异形柱","1.柱形状:圆型\n2.混凝土种类:现浇\n3.混凝土强度等级:C20",null,"m3","0.03",null,788.34,23.65]
[56,"010503001001","基础梁","1.混凝土种类:现浇\n2.混凝土强度等级:C25",null,"m3","0.02",null,692.52,13.85]
[57,"010515001001","现浇构件钢筋","1.钢筋种类、规格:Φ10以内",null,"t","0.004",null,5128.44,20.51]
[58,"010515001002","现浇构件钢筋","1.钢筋种类、规格:Φ10~Φ20",null,"t","0.001",null,6213.48,6.21]
[59,"040101005004","挖淤泥、流砂","1.河道内清淤\n2.挖掘深度:1m\n3.运距:15km",null,"m3","7.4",null,54.25,401.45]
[60,"040501004001","塑料管","1.材质及规格:PVC管DN110\n2.连接形式:胶圈接口\n3.管道检验及试验要求:闭水试验",null,"m","12",null,33.88,406.56]
[61,"040101002004","挖沟槽土方","1.土壤类别:排水管土方\n2.挖土深度:2m 内",null,"m3","13.1",null,7.84,102.7]
[62,"040103001003","回填方","1.填方材料品种:石屑",null,"m3","11.41",null,241.86,2759.62]
[63,"040305001003","垫层","1.材料品种、规格:石屑\n2.厚度:20cm",null,"m3","0.85",null,282.13,239.81]
[64,"040504001008","原检查井与排水管DN110连接","1.凿原有检查井壁\n2.涂聚氯乙烯粘接剂+素灰浆两遍\n3.勾缝、抹面要求:50mm厚1:2水泥砂浆\n4.4φ10环筋\n5.M10砂浆砖砌120上圆拱",null,"座","1",null,53.23,53.23]
[65,"040103002009","余方弃置","1.废弃料品种:土方\n2.运距:15km",null,"m3","13.7",null,37.14,508.82]
[66,"040103002010","余方弃置","1.废弃料品种:砼碎块碎渣\n2.运距:15km",null,"m3","0.06",null,63.91,3.83]
[null,null,"河堤旁堤身修复合计",{"$nulls":6},14316.49]
[null,null,"里仁洞片区"]
[67,"041001007004","蛙人下潜2m拆除砖墙","1.蛙人下潜2m拆除砖墙\n2.砖墙规格：2*0.24*0.8m",null,"m3","0.38",null,10630.26,4039.5]
[68,"040103002011","余方弃置","1.废弃料品种:砼碎块碎渣\n2.运距:15km",null,"m3","0.38",null,63.91,24.29]
[null,null,"里仁洞片区合计",{"$nulls":6},4063.79]
[null,null,"坑头村片区"]
[69,"040101005005","提升泵井清淤","1.泵井尺寸:5*2.5*0.8m\n2.运距:15km",null,"m3","20",null,54.25,1085]
[70,"040504001009","污水检查井","1.垫层、基础材质及厚度:150mm厚砂碎石垫层、150mm厚C20底板\n2.砂浆强度等级、配合比:M10水泥砂浆砌筑、1：2水泥砂浆抹面\n3.井盖、井圈材质及规格:球墨铸铁井盖座φ700\n4.井深:1.2m\n5.内附防坠网\n6.含挖填土方",null,"座","2",null,2586.67,5173.34]
[71,"040501004002","塑料管","1.材质及规格:PVC管DN110\n2.连接形式:胶圈接口\n3.管道检验及试验要求:闭水试验",null,"m","52",null,33.88,1761.76]
[72,"040101002005","挖沟槽土方","1.土壤类别:排水管土方\n2.挖土深度:2m 内",null,"m3","39.08",null,7.84,306.39]
[73,"040103001004","回填方","1.填方材料品种:石屑",null,"m3","31.72",null,241.86,7671.8]
[74,"040305001004","垫层","1.材料品种、规格:石屑\n2.厚度:20cm",null,"m3","3.69",null,282.13,1041.06]
[75,"041001001005","拆除路面","1.材质:混凝土路面+水泥石屑稳定层\n2.厚度:20cm+10cm",null,"m2","55",null,30.52,1678.6]
[76,"040203007005","水泥混凝土","1.混凝土强度等级:C30混凝土路面+6%水泥石屑稳定层\n2.厚度:20cm+10cm\n3.水养生",null,"m2","55",null,206.23,11342.65]
[77,"040103002012","余方弃置","1.废弃料品种:土方\n2.运距:15km",null,"m3","48.9",null,37.14,1816.15]
[78,"040103002013","余方弃置","1.废弃料品种:砼碎块碎渣\n2.运距:15km",null,"m3","11",null,63.91,703.01]
[null,null,"坑头村片区合计",{"$nulls":6},32579.76]
[null,null,"分部分项合计",{"$nulls":6},628354.5]
[null,null,"措施项目"]
[79,"041102002001","基础模板","1.构件类型:基础模板",null,"m2","39.18",null,43.29,1696.1]
[80,"041102018001","压顶模板","1.构件类型:压顶模板\n2.华南新城片区",null,"m2","13.44",null,39.27,527.79]
[81,"041102012001","柱模板","1.构件类型:立柱模板\n2.支模高度:1.3m\n3.河堤旁堤身修复区",null,"m2","0.83",null,110.24,91.5]
[82,"粤040101006003","打拔钢板桩","1.地层情况:打拔拉森钢板桩Ⅱ（含支撑）\n2.桩长:6m\n3.板桩厚度:10.5mm\n4.桩间距:400mm\n5.陈边村片区及江南村片区",null,"t","177.12",null,1133.54,200772.6]
[83,"04B01","密扣式施工护栏","1.密扣式施工护栏\n2.江南村片区",null,"m","31",null,13,403]
[null,null,"单价措施合计",{"$nulls":6},203490.99]
["合   计",{"$nulls":8},831845.49]

{"sheet":"1.1.1综合单价计算表","index":2,"n_rows":255,"n_cols":14,"rows_kept":255,"merged":[[0,0,0,13],[1,0,1,9],[1,10,1,13],[2,0,3,0],[2,1,3,1],[2,2,3,3],[2,4,3,4],[2,5,3,5],[2,6,2,12],[2,13,3,13],[3,9,3,10],[4,2,4,3],[4,9,4,10],[5,0,8,0],[5,2,5,3],[5,9,5,10],[5,13,5,13],[6,2,6,3],[6,9,6,10],[6,13,8,13],[7,2,7,3],[7,9,7,10],[8,2,8,3],[8,9,8,10],[9,0,11,0],[9,2,9,3],[9,9,9,10],[9,13,9,13],[10,2,10,3],[10,9,10,10],[10,13,11,13],[11,2,11,3],[11,9,11,10],[12,0,13,0],[12,2,12,3],[12,9,12,10],[12,13,12,13],[13,2,13,3],[13,9,13,10],[13,13,13,13],[14,0,15,0],[14,2,14,3],[14,9,14,10],[14,13,14,13],[15,2,15,3],[15,9,15,10],[15,13,15,13],[16,0,20,0],[16,2,16,3],[16,9,16,10],[16,13,16,13],[17,2,17,3],[17,9,17,10],[17,13,20,13],[18,2,18,3],[18,9,18,10],[19,2,19,3],[19,9,19,10],[20,2,20,3],[20,9,20,10],[21,0,24,0],[21,2,21,3],[21,9,21,10],[21,13,21,13],[22,2,22,3],[22,9,22,10],[22,13,24,13],[23,2,23,3],[23,9,23,10],[24,2,24,3],[24,9,24,10],[25,0,28,0],[25,2,25,3],[25,9,25,10],[25,13,25,13],[26,2,26,3],[26,9,26,10],[26,13,28,13],[27,2,27,3],[27,9,27,10],[28,2,28,3],[28,9,28,10],[29,0,30,0],[29,2,29,3],[29,9,29,10],[29,13,29,13],[30,2,30,3],[30,9,30,10],[30,13,30,13],[31,0,33,0],[31,2,31,3],[31,9,31,10],[31,13,31,13],[32,2,32,3],[32,9,32,10],[32,13,33,13],[33,2,33,3],[33,9,33,10],[34,0,37,0],[34,2,34,3],[34,9,34,10],[34,13,34,13],[35,2,35,3],[35,9,35,10],[35,13,37,13],[36,2,36,3],[36,9,36,10],[37,2,37,3],[37,9,37,10],[38,0,43,0],[38,2,38,3],[38,9,38,10],[38,13,38,13],[39,2,39,3],[39,9,39,10],[39,13,43,13],[40,2,40,3],[40,9,40,10],[41,2,41,3],[41,9,41,10],[42,2,42,3],[42,9,42,10],[43,2,43,3],[43,9,43,10],[44,0,49,0],[44,2,44,3],[44,9,44,10],[44,13,44,13],[45,2,45,3],[45,9,45,10],[45,13,49,13],[46,2,46,3],[46,9,46,10],[47,2,47,3],[47,9,47,10],[48,2,48,3],[48,9,48,10],[49,2,49,3],[49,9,49,10],[50,0,52,0],[50,2,50,3],[50,9,50,10],[50,13,50,13],[51,2,51,3],[51,9,51,10],[51,13,52,13],[52,2,52,3],[52,9,52,10],[53,0,55,0],[53,2,53,3],[53,9,53,10],[53,13,53,13],[54,2,54,3],[54,9,54,10],[54,13,55,13],[55,2,55,3],[55,9,55,10],[56,2,56,3],[56,9,56,10],[57,0,58,0],[57,2,57,3],[57,9,57,10],[57,13,57,13],[58,2,58,3],[58,9,58,10],[58,13,58,13],[59,0,60,0],[59,2,59,3],[59,9,59,10],[59,13,59,13],[60,2,60,3],[60,9,60,10],[60,13,60,13],[61,0,62,0],[61,2,61,3],[61,9,61,10],[61,13,61,13],[62,2,62,3],[62,9,62,10],[62,13,62,13],[63,0,64,0],[63,2,63,3],[63,9,63,10],[63,13,63,13],[64,2,64,3],[64,9,64,10],[64,13,64,13],[65,0,66,0],[65,2,65,3],[65,9,65,10],[65,13,65,13],[66,2,66,3],[66,9,66,10],[66,13,66,13],[67,0,68,0],[67,2,67,3],[67,9,67,10],[67,13,67,13],[68,2,68,3],[68,9,68,10],[68,13,68,13],[69,0,70,0],[69,2,69,3],[69,9,69,10],[69,13,69,13],[70,2,70,3],[70,9,70,10],[70,13,70,13],[71,0,80,0],[71,2,71,3],[71,9,71,10],[71,13,71,13],[72,2,72,3],[72,9,72,10],[72,13,80,13],[73,2,73,3],[73,9,73,10],[74,2,74,3],[74,9,74,10],[75,2,75,3],[75,9,75,10],[76,2,76,3],[76,9,76,10],[77,2,77,3],[77,9,77,10],[78,2,78,3],[78,9,78,10],[79,2,79,3],[79,9,79,10],[80,2,80,3],[80,9,80,10],[81,0,82,0],[81,2,81,3],[81,9,81,10],[81,13,81,13],[82,2,82,3],[82,9,82,10],[82,13,82,13],[83,0,84,0],[83,2,83,3],[83,9,83,10],[83,13,83,13],[84,2,84,3],[84,9,84,10],[84,13,84,13],[85,0,86,0],[85,2,85,3],[85,9,85,10],[85,13,85,13],[86,2,86,3],[86,9,86,10],[86,13,86,13],[87,0,88,0],[87,2,87,3],[87,9,87,10],[87,13,87,13],[88,2,88,3],[88,9,88,10],[88,13,88,13],[89,0,90,0],[89,2,89,3],[89,9,89,10],[89,13,89,13],[90,2,90,3],[90,9,90,10],[90,13,90,13],[91,0,92,0],[91,2,91,3],[91,9,91,10],[91,13,91,13],[92,2,92,3],[92,9,92,10],[92,13,92,13],[93,0,94,0],[93,2,93,3],[93,9,93,10],[93,13,93,13],[94,2,94,3],[94,9,94,10],[94,13,94,13],[95,0,96,0],[95,2,95,3],[95,9,95,10],[95,13,95,13],[96,2,96,3],[96,9,96,10],[96,13,96,13],[97,0,99,0],[97,2,97,3],[97,9,97,10],[97,13,97,13],[98,2,98,3],[98,9,98,10],[98,13,99,13],[99,2,99,3],[99,9,99,10],[100,2,100,3],[100,9,100,10],[101,0,103,0],[101,2,101,3],[101,9,101,10],[101,13,101,13],[102,2,102,3],[102,9,102,10],[102,13,103,13],[103,2,103,3],[103,9,103,10],[104,0,105,0],[104,2,104,3],[104,9,104,10],[104,13,104,13],[105,2,105,3],[105,9,105,10],[105,13,105,13],[106,0,107,0],[106,2,106,3],[106,9,106,10],[106,13,106,13],[107,2,107,3],[107,9,107,10],[107,13,107,13],[108,0,112,0],[108,2,108,3],[108,9,108,10],[108,13,108,13],[109,2,109,3],[109,9,109,10],[109,13,112,13],[110,2,110,3],[110,9,110,10],[111,2,111,3],[111,9,111,10],[112,2,112,3],[112,9,112,10],[113,0,116,0],[113,2,113,3],[113,9,113,10],[113,13,113,13],[114,2,114,3],[114,9,114,10],[114,13,116,13],[115,2,115,3],[115,9,115,10],[116,2,116,3],[116,9,116,10],[117,0,122,0],[117,2,117,3],[117,9,117,10],[117,13,117,13],[118,2,118,3],[118,9,118,10],[118,13,122,13],[119,2,119,3],[119,9,119,10],[120,2,120,3],[120,9,120,10],[121,2,121,3],[121,9,121,10],[122,2,122,3],[122,9,122,10],[123,0,125,0],[123,2,123,3],[123,9,123,10],[123,13,123,13],[124,2,124,3],[124,9,124,10],[124,13,125,13],[125,2,125,3],[125,9,125,10],[126,0,131,0],[126,2,126,3],[126,9,126,10],[126,13,126,13],[127,2,127,3],[127,9,127,10],[127,13,131,13],[128,2,128,3],[128,9,128,10],[129,2,129,3],[129,9,129,10],[130,2,130,3],[130,9,130,10],[131,2,131,3],[131,9,131,10],[132,0,134,0],[132,2,132,3],[132,9,132,10],[132,13,132,13],[133,2,133,3],[133,9,133,10],[133,13,134,13],[134,2,134,3],[134,9,134,10],[135,0,139,0],[135,2,135,3],[135,9,135,10],[135,13,135,13],[136,2,136,3],[136,9,136,10],[136,13,139,13],[137,2,137,3],[137,9,137,10],[138,2,138,3],[138,9,138,10],[139,2,139,3],[139,9,139,10],[140,0,142,0],[140,2,140,3],[140,9,140,10],[140,13,140,13],[141,2,141,3],[141,9,141,10],[141,13,142,13],[142,2,142,3],[142,9,142,10],[143,0,145,0],[143,2,143,3],[143,9,143,10],[143,13,143,13],[144,2,144,3],[144,9,144,10],[144,13,145,13],[145,2,145,3],[145,9,145,10],[146,2,146,3],[146,9,146,10],[147,0,149,0],[147,2,147,3],[147,9,147,10],[147,13,147,13],[148,2,148,3],[148,9,148,10],[148,13,149,13],[149,2,149,3],[149,9,149,10],[150,0,151,0],[150,2,150,3],[150,9,150,10],[150,13,150,13],[151,2,151,3],[151,9,151,10],[151,13,151,13],[152,2,152,3],[152,9,152,10],[153,0,155,0],[153,2,153,3],[153,9,153,10],[153,13,153,13],[154,2,154,3],[154,9,154,10],[154,13,155,13],[155,2,155,3],[155,9,155,10],[156,2,156,3],[156,9,156,10],[157,0,159,0],[157,2,157,3],[157,9,157,10],[157,13,157,13],[158,2,158,3],[158,9,158,10],[158,13,159,13],[159,2,159,3],[159,9,159,10],[160,2,160,3],[160,9,160,10],[161,0,162,0],[161,2,161,3],[161,9,161,10],[161,13,161,13],[162,2,162,3],[162,9,162,10],[162,13,162,13],[163,0,164,0],[163,2,163,3],[163,9,163,10],[163,13,163,13],[164,2,164,3],[164,9,164,10],[164,13,164,13],[165,0,167,0],[165,2,165,3],[165,9,165,10],[165,13,165,13],[166,2,166,3],[166,9,166,10],[166,13,167,13],[167,2,167,3],[167,9,167,10],[168,0,170,0],[168,2,168,3],[168,9,168,10],[168,13,168,13],[169,2,169,3],[169,9,169,10],[169,13,170,13],[170,2,170,3],[170,9,170,10],[171,2,171,3],[171,9,171,10],[172,0,173,0],[172,2,172,3],[172,9,172,10],[172,13,172,13],[173,2,173,3],[173,9,173,10],[173,13,173,13],[174,0,175,0],[174,2,174,3],[174,9,174,10],[174,13,174,13],[175,2,175,3],[175,9,175,10],[175,13,175,13],[176,0,177,0],[176,2,176,3],[176,9,176,10],[176,13,176,13],[177,2,177,3],[177,9,177,10],[177,13,177,13],[178,0,179,0],[178,2,178,3],[178,9,178,10],[178,13,178,13],[179,2,179,3],[179,9,179,10],[179,13,179,13],[180,0,181,0],[180,2,180,3],[180,9,180,10],[180,13,180,13],[181,2,181,3],[181,9,181,10],[181,13,181,13],[182,0,183,0],[182,2,182,3],[182,9,182,10],[182,13,182,13],[183,2,183,3],[183,9,183,10],[183,13,183,13],[184,0,185,0],[184,2,184,3],[184,9,184,10],[184,13,184,13],[185,2,185,3],[185,9,185,10],[185,13,185,13],[186,0,188,0],[186,2,186,3],[186,9,186,10],[186,13,186,13],[187,2,187,3],[187,9,187,10],[187,13,188,13],[188,2,188,3],[188,9,188,10],[189,0,191,0],[189,2,189,3],[189,9,189,10],[189,13,189,13],[190,2,190,3],[190,9,190,10],[190,13,191,13],[191,2,191,3],[191,9,191,10],[192,0,194,0],[192,2,192,3],[192,9,192,10],[192,13,192,13],[193,2,193,3],[193,9,193,10],[193,13,194,13],[194,2,194,3],[194,9,194,10],[195,0,196,0],[195,2,195,3],[195,9,195,10],[195,13,195,13],[196,2,196,3],[196,9,196,10],[196,13,196,13],[197,0,198,0],[197,2,197,3],[197,9,197,10],[197,13,197,13],[198,2,198,3],[198,9,198,10],[198,13,198,13],[199,0,204,0],[199,2,199,3],[199,9,199,10],[199,13,199,13],[200,2,200,3],[200,9,200,10],[200,13,204,13],[201,2,201,3],[201,9,201,10],[202,2,202,3],[202,9,202,10],[203,2,203,3],[203,9,203,10],[204,2,204,3],[204,9,204,10],[205,0,207,0],[205,2,205,3],[205,9,205,10],[205,13,205,13],[206,2,206,3],[206,9,206,10],[206,13,207,13],[207,2,207,3],[207,9,207,10],[208,0,210,0],[208,2,208,3],[208,9,208,10],[208,13,208,13],[209,2,209,3],[209,9,209,10],[209,13,210,13],[210,2,210,3],[210,9,210,10],[211,2,211,3],[211,9,211,10],[212,0,214,0],[212,2,212,3],[212,9,212,10],[212,13,212,13],[213,2,213,3],[213,9,213,10],[213,13,214,13],[214,2,214,3],[214,9,214,10],[215,0,217,0],[215,2,215,3],[215,9,215,10],[215,13,215,13],[216,2,216,3],[216,9,216,10],[216,13,217,13],[217,2,217,3],[217,9,217,10],[218,2,218,3],[218,9,218,10],[219,0,221,0],[219,2,219,3],[219,9,219,10],[219,13,219,13],[220,2,220,3],[220,9,220,10],[220,13,221,13],[221,2,221,3],[221,9,221,10],[222,0,228,0],[222,2,222,3],[222,9,222,10],[222,13,222,13],[223,2,223,3],[223,9,223,10],[223,13,228,13],[224,2,224,3],[224,9,224,10],[225,2,225,3],[225,9,225,10],[226,2,226,3],[226,9,226,10],[227,2,227,3],[227,9,227,10],[228,2,228,3],[228,9,228,10],[229,0,231,0],[229,2,229,3],[229,9,229,10],[229,13,229,13],[230,2,230,3],[230,9,230,10],[230,13,231,13],[231,2,231,3],[231,9,231,10],[232,0,234,0],[232,2,232,3],[232,9,232,10],[232,13,232,13],[233,2,233,3],[233,9,233,10],[233,13,234,13],[234,2,234,3],[234,9,234,10],[235,0,236,0],[235,2,235,3],[235,9,235,10],[235,13,235,13],[236,2,236,3],[236,9,236,10],[236,13,236,13],[237,0,238,0],[237,2,237,3],[237,9,237,10],[237,13,237,13],[238,2,238,3],[238,9,238,10],[238,13,238,13],[239,0,241,0],[239,2,239,3],[239,9,239,10],[239,13,239,13],[240,2,240,3],[240,9,240,10],[240,13,241,13],[241,2,241,3],[241,9,241,10],[242,0,247,0],[242,2,242,3],[242,9,242,10],[242,13,242,13],[243,2,243,3],[243,9,243,10],[243,13,247,13],[244,2,244,3],[244,9,244,10],[245,2,245,3],[245,9,245,10],[246,2,246,3],[246,9,246,10],[247,2,247,3],[247,9,247,10],[248,0,250,0],[248,2,248,3],[248,9,248,10],[248,13,248,13],[249,2,249,3],[249,9,249,10],[249,13,250,13],[250,2,250,3],[250,9,250,10],[251,0,253,0],[251,2,251,3],[251,9,251,10],[251,13,251,13],[252,2,252,3],[252,9,252,10],[252,13,253,13],[253,2,253,3],[253,9,253,10],[254,2,254,3],[254,9,254,10]]}
["综合单价计算表"]
["工程名称：南村镇黑臭水体治理迎检应急工程",{"$nulls":9},"第 1 页 共 1 页"]
["序号","编码","名称",null,"单位","工程量 ","其中：（元）",{"$nulls":6},"综合单价\n（元）"]
[{"$nulls":6},"人工费","材料费","机械费","管理费",null,"利润","小计"]
[null,null,"陈边村片区"]
[1,"010401003002","蛙人下潜封堵并拆除管口",null,"处","1",223.96,4433.91,804.25,181.07,null,154.23,5797.42]
[null,"3-1-1","管堵砌筑 直径(mm内) DN600",null,"只",1,134.86,418.65,393.43,93.03,null,79.24,1119.21,5797.42]
[null,"2-7-1","管堵拆除 直径(mm内) DN600",null,"只",1,89.1,15.26,410.82,88.04,null,74.99,678.21]
[null,"补子目1","蛙人下潜工作",null,"次",1,null,4000,{"$nulls":4},4000]
[2,"040101002001","挖沟槽土方",null,"m3","353.54",2.24,null,3.91,0.77,null,0.92,7.84]
[null,"D1-1-10","人工挖沟槽土方 一、二类土 深度在2m内",null,"100m3天然密实方",0.17677,1.56,null,null,0.2,null,0.23,1.99,7.84]
[null,"D1-1-33","挖掘机挖沟槽、基坑土方 一、二类土",null,"1000m3天然密实方",0.335863,0.68,null,3.91,0.58,null,0.69,5.85]
[3,"040103001001","回填方",null,"m3","282.96",15.98,219.32,1.68,2.23,null,2.65,241.86]
[null,"D1-1-135","管(基)坑回填石屑",null,"100m3",2.8296,15.98,219.32,1.68,2.23,null,2.65,241.86,241.86]
[4,"040305001001","垫层",null,"m3","14.82",52.06,210.51,3.24,9.74,null,8.3,283.84]
[null,"D5-1-14","垫层 砂碎石",null,"10m3",1.482,52.06,210.51,3.24,9.74,null,8.29,283.84,283.84]
[5,"040501001001","混凝土管DN600",null,"m","105.7",46.62,295.23,8.5,9.71,null,8.27,368.32]
[null,"D5-1-2 换","钢筋混凝土管120°混凝土基础 管径(mm) 600以内 \u007f换为【普通预拌混凝土碎石粒径综合考虑 C20】",null,"10m3",1.84975,19.18,106.3,4.36,4.14,null,3.53,137.51,368.32]
[null,"D5-2-63","混凝土管铺设 承插式(φ150-3000) 人机配合下管管径(mm以内) 600",null,"100m",1.057,16.72,181.65,4.14,3.67,null,3.13,209.32]
[null,"D5-2-218 换","水泥砂浆接口 管径(mm以内) 600 \u007f换为【湿拌抹灰砂浆一次抹灰厚度≥5mm M20】",null,"10个口",10.57,7.72,4.07,null,1.36,null,1.16,14.31]
[null,"D5-1-95 换","管道闭水试验 管径(mm以内) 600 \u007f换为【湿拌抹灰砂浆一次抹灰厚度≥5mm M20】 \u007f换为【湿拌砌筑砂浆砌筑灰缝≥5mm M7.5】",null,"100m",1.057,3,3.2,null,0.53,null,0.45,7.18]
[6,"040504001001","污水检查井",null,"座","3",899.49,2007.78,74.67,171.55,null,146.12,3299.61]
[null,"D5-3-280","非定型井垫层 砂碎石",null,"10m3",0.06727,14.32,71.35,0.48,2.61,null,2.22,90.98,3299.61]
[null,"D5-3-11 换","砖砌收口式 适用管径 200-600 井径1000 井深3.5m \u007f实际高度(m):2.5 \u007f换为【普通预拌混凝土碎石粒径综合考虑 C20】 \u007f换为【湿拌抹灰砂浆一次抹灰厚度≥5mm M20】  \u007f换为【湿拌砌筑砂浆砌筑灰缝≥5mm M10】",null,"座",3,885.17,1916.43,74.19,168.94,null,143.9,3188.63]
[null,"补子目1","防坠网",null,"座",3,null,20,{"$nulls":4},20]
[7,"040504001002","污水沉砂井",null,"座","1",992.44,2151.54,74.67,187.92,null,160.07,3566.64]
[null,"D5-3-280","非定型井垫层 砂碎石",null,"10m3",0.02242,14.32,71.34,0.48,2.61,null,2.22,90.97,3566.64]
[null,"D5-3-11 换","砖砌收口式 适用管径 200-600 井径1000 井深3.5m \u007f实际高度(m):3 \u007f换为【普通预拌混凝土碎石粒径综合考虑 C20】 \u007f换为【湿拌抹灰砂浆一次抹灰厚度≥5mm M20】 \u007f换为【湿拌砌筑砂浆砌筑灰缝≥5mm M10】",null,"座",1,978.12,2060.2,74.19,185.31,null,157.85,3455.67]
[null,"补子目1","防坠网",null,"座",1,null,20,{"$nulls":4},20]
[8,"041001001001","拆除路面",null,"m2","137.2",12.67,0.12,4.26,2.14,null,2.54,21.73]
[null,"D1-4-3 换","小型机械拆除混凝土类路面层 无筋 厚15cm内 \u007f实际厚度(cm):20",null,"100m2",1.372,12.67,0.12,4.26,2.13,null,2.54,21.73,21.73]
[9,"041001001002","拆除路面",null,"m2","25.4",20.43,0.17,6.79,3.43,null,4.08,34.91]
[null,"D1-4-3 换","小型机械拆除混凝土类路面层 无筋 厚15cm内 \u007f实际厚度(cm):20",null,"100m2",0.254,12.67,0.12,4.26,2.14,null,2.54,21.73,34.91]
[null,"D1-4-11","小型机械拆除各类底层 厚15cm内",null,"100m2",0.254,7.76,0.05,2.54,1.3,null,1.54,13.19]
[10,"040203007001","6%水泥石屑路面",null,"m2","137.2",3.02,55.48,6.75,1.11,null,1.46,67.81]
[null,"D2-2-4","集中拌合水泥石屑混合料 水泥含量 6%",null,"m3",27.44,2.18,55.32,1.61,0.43,null,0.57,60.1,67.81]
[null,"D2-2-8 换","自卸汽车运输水泥石屑(碎石)混合料 自卸汽车装载 第一个1km \u007f实际运距(km):5",null,"100m3",0.2744,null,null,3,0.34,null,0.45,3.79]
[null,"D2-2-12 换","机械铺筑水泥石屑(碎石)混合料 厚度 15cm \u007f实际厚度(cm):20",null,"100m2",1.372,0.84,0.16,2.13,0.34,null,0.45,3.92]
[11,"040203007002","水泥混凝土",null,"m2","25.4",33.65,159.13,3.62,4.23,null,5.59,206.23]
[null,"D2-2-4","集中拌合水泥石屑混合料 水泥含量 6%",null,"m3",2.54,1.09,27.66,0.81,0.21,null,0.28,30.05,206.23]
[null,"D2-2-8 换","自卸汽车运输水泥石屑(碎石)混合料 自卸汽车装载 第一个1km \u007f实际运距(km):5",null,"100m3",0.0254,null,null,1.5,0.17,null,0.23,1.9]
[null,"D2-2-12 换","机械铺筑水泥石屑(碎石)混合料 厚度 15cm \u007f实际厚度(cm):10",null,"100m2",0.254,0.42,0.16,0.99,0.16,null,0.21,1.95]
[null,"D2-3-46 换","水泥混凝土路面 厚度 20cm \u007f换为【普通预拌混凝土碎石粒径综合考虑 C30】",null,"100m2",0.254,31.37,130.66,0.32,3.6,null,4.75,170.71]
[null,"D2-3-55","水泥混凝土路面养生 水养生",null,"100m2",0.254,0.77,0.65,null,0.09,null,0.12,1.62]
[12,"040504001003","原检查井与排水管DN600连接",null,"座","1",147.56,107.93,1.98,25.4,null,22.43,305.3]
[null,"D5-3-298 换","井壁(墙)凿洞 砖墙 24cm内  \u007f换为【湿拌抹灰砂浆一次抹灰厚度≥5mm M20】 \u007f换为【湿拌抹灰砂浆一次抹灰厚度≥5mm M20】",null,"10m2",0.0849,78,28.07,null,13.74,null,11.7,131.51,305.3]
[null,"借A1-15-205","白色灰浆二遍 墙面(各种表面)",null,"100m2",0.00452,0.99,0.18,null,0.15,null,0.15,1.47]
[null,"借A1-13-4 换","底层抹灰15mm 零星项目 \u007f实际水泥石灰砂浆厚度(mm):50 \u007f换为【湿拌抹灰砂浆一次抹灰厚度≥5mm M10】",null,"100m2",0.00603,43.26,23.74,null,6.71,null,6.49,80.2]
[null,"D5-5-3","钢筋制作、安装 圆钢 φ10mm以内",null,"t",0.006,6.14,21.21,0.7,1.2,null,1.02,30.27]
[null,"D5-3-283 换","砖砌 圆形 \u007f换为【湿拌砌筑砂浆砌筑灰缝≥5mm M10】",null,"10m3",0.0083,19.17,34.73,1.28,3.6,null,3.07,61.86]
[13,"040103002001","余方弃置",null,"m3","383.08",0.39,null,28.72,3.67,null,4.37,37.14]
[null,"D1-1-51","挖掘机装土",null,"1000m3天然密实方",0.38308,0.39,null,1.82,0.28,null,0.33,2.82,37.14]
[null,"D1-1-53 换","自卸汽车运土方 运距1km内 \u007f实际运距(km):15",null,"1000m3天然密实方",0.38308,null,null,26.9,3.39,null,4.03,34.32]
[14,"040103002002","余方弃置",null,"m3","5.08",0.84,null,49.24,6.31,null,7.51,63.91]
[null,"D1-1-124","挖掘机挖装松散石方",null,"1000m3天然密实方",0.00508,0.84,null,7.44,1.04,null,1.24,10.56,63.91]
[null,"D1-1-126 换","自卸汽车运石方 运距1km \u007f实际运距(km):15",null,"1000m3天然密实方",0.00508,null,null,41.8,5.27,null,6.27,53.34]
[null,null,"华南新城片区"]
[15,"050101001001","修剪乔木",null,"株","35",43.62,null,101.12,18.82,null,21.71,185.27]
[null,"借E1-2-149","乔木修剪 胸径(φcm) 30以内",null,"10株",3.5,43.62,null,101.12,18.82,null,21.71,185.27,185.27]
[16,"050101010001","整理绿化用地",null,"m2","305",1.44,0.04,null,0.19,null,0.22,1.89]
[null,"借E1-1-1","绿化地铲除杂草",null,"100m2",3.05,1.44,0.04,null,0.19,null,0.22,1.89,1.89]
[17,"050101001002","砍伐乔木",null,"株","1",20.49,null,4.26,3.22,null,3.71,31.68]
[null,"借E1-1-45","砍伐乔木(胸径cm) 10以内",null,"100株",0.01,20.49,null,4.26,3.22,null,3.71,31.68,31.68]
[18,"050101001003","砍伐乔木",null,"株","4",76.86,null,101.53,23.19,null,26.76,228.34]
[null,"借E1-1-47","砍伐乔木(胸径cm) 30以内",null,"100株",0.04,76.86,null,101.53,23.19,null,26.76,228.34,228.34]
[19,"041001008001","拆除混凝土结构",null,"m3","17.16",3.03,0.33,121.75,15.73,null,18.72,159.55]
[null,"D1-4-71","机械拆除混凝土构筑物 有筋",null,"10m3",1.716,3.03,0.33,121.75,15.73,null,18.72,159.55,159.55]
[20,"041001007001","拆除石砌体构件",null,"m3","498.6",95.31,null,null,12.02,null,14.3,121.62]
[null,"D1-4-67 R*1.17","拆除砖砌其它构筑物 \u007f拆除石砌构筑物 人工*1.17",null,"10m3",49.86,95.31,null,null,12.02,null,14.3,121.62,121.62]
[21,"041001007002","拆除石挡土墙",null,"m3","234.01",95.31,null,null,12.02,null,14.3,121.62]
[null,"D1-4-67 R*1.17","拆除砖砌其它构筑物 \u007f拆除石砌构筑物 人工*1.17",null,"10m3",23.401,95.31,null,null,12.02,null,14.3,121.62,121.62]
[22,"040305003001","浆砌块料",null,"m","32.4",785.01,2983.39,211.13,131.54,null,149.42,4260.5]
[null,"D5-1-14","垫层 砂碎石",null,"10m3",2.3976,38.53,279.91,2.4,7.21,null,6.14,334.18,4260.5]
[null,"D3-1-2 换","现浇基础 混凝土垫层 \u007f换为【普通预拌混凝土碎石粒径综合考虑 C15】",null,"10m3",2.8512,69.1,514.27,45.11,18.07,null,17.13,663.69]
[null,"D1-2-22 换","浆砌块石 墩、台、墙 \u007f换为【湿拌砌筑砂浆砌筑灰缝≥5mm M7.5】",null,"10m3",17.7633,670.62,2161.6,163.63,105.2,null,125.14,3226.18]
[null,"D3-5-27","安装泄水孔 塑料管",null,"10m",2.295,4.4,3.58,null,0.7,null,0.66,9.34]
[null,"D3-5-32","安装沉降缝 沥青木丝板",null,"10m2",1.92,2.35,24,null,0.37,null,0.35,27.07]
[null,"D1-2-5","粘土隔水层 厚度20cm内",null,"10m3",0.0001]
[null,"D1-2-9","碎石滤层 厚度在30cm内",null,"10m3",0.0001,null,0.01,{"$nulls":4},0.01]
[null,"D1-2-5","砂滤层 厚度20cm内",null,"10m3",0.0001,null,0.01,{"$nulls":4},0.01]
[null,"D1-3-32","软基处理工程 铺设土工布 一般软土",null,"1000m2",2.5E-5,null,0.01,{"$nulls":4},0.01]
[23,"040303016001","混凝土挡墙压顶",null,"m3","3.89",231.04,648.31,null,66.42,null,34.66,980.43]
[null,"借A1-5-35 换","现浇混凝土其他构件 压顶、扶手 \u007f换为【普通预拌混凝土碎石粒径综合考虑 C30】",null,"10m3",0.389,231.04,648.31,null,66.42,null,34.66,980.43,980.43]
[24,"011201001001","墙面一般抹灰",null,"m2","145.8",24.19,14.98,null,3.75,null,3.63,46.55]
[null,"借A1-13-9 换","各种墙面15+5mm 水泥石灰砂浆底 水泥砂浆面 外墙 \u007f换为【湿拌抹灰砂浆一次抹灰厚度≥5mm M10】 \u007f换为【湿拌抹灰砂浆一次抹灰厚度≥5mm M10】",null,"100m2",1.458,24.19,14.98,null,3.75,null,3.63,46.55,46.55]
[25,"040901001001","现浇构件钢筋",null,"t","0.359",687.69,4404.18,71.53,120.11,null,113.88,5397.38]
[null,"D3-6-5","钢筋制作、安装 带肋钢筋 φ10-25mm",null,"t",0.359,687.69,4404.18,71.53,120.11,null,113.87,5397.38,5397.38]
[26,"040901001002","现浇构件钢筋",null,"t","0.761",722.19,3602,126.43,134.25,null,127.29,4712.15]
[null,"D3-6-4","钢筋制作、安装 圆钢 φ10mm以外",null,"t",0.761,722.19,3602,126.43,134.24,null,127.29,4712.16,4712.15]
[27,"040901001003","现浇构件钢筋",null,"t","0.409",687.68,4404.18,71.54,120.11,null,113.88,5397.38]
[null,"D3-6-5","钢筋制作、安装 带肋钢筋 φ10-25mm",null,"t",0.409,687.68,4404.18,71.54,120.1,null,113.89,5397.38,5397.38]
[28,"040901001004","现浇构件钢筋",null,"t","0.56",1022.64,3535.3,116.04,180.14,null,170.8,5024.93]
[null,"D3-6-3","钢筋制作、安装 圆钢 φ10mm以内",null,"t",0.56,1022.64,3535.3,116.04,180.14,null,170.8,5024.93,5024.93]
[29,"040302001001","圆木桩",null,"根","108",47.42,116.74,40.37,11.07,null,13.17,228.77]
[null,"D1-3-202","挖掘机打(压)圆木桩",null,"10m3",1.296,47.42,116.74,40.37,11.07,null,13.17,228.77,228.77]
[30,"040309001001","不锈钢护栏",null,"m","10",33.5,345.68,1.59,4.94,null,5.26,390.97]
[null,"借A1-16-108 换","不锈钢栏杆制安 直型",null,"100m",0.1,33.5,345.68,1.59,4.94,null,5.26,390.97,390.97]
[31,"040103002003","余方弃置",null,"m3","749.77",0.84,null,49.24,6.31,null,7.51,63.91]
[null,"D1-1-124","挖掘机挖装松散石方",null,"1000m3天然密实方",0.74977,0.84,null,7.44,1.04,null,1.24,10.56,63.91]
[null,"D1-1-126 换","自卸汽车运石方 运距1km \u007f实际运距(km):15",null,"1000m3天然密实方",0.74977,null,null,41.8,5.27,null,6.27,53.34]
[null,null,"江南村片区"]
[32,"040101002002","挖沟槽土方",null,"m3","49.14",2.24,null,3.91,0.77,null,0.92,7.84]
[null,"D1-1-10","人工挖沟槽土方 一、二类土 深度在2m内",null,"100m3天然密实方",0.02457,1.56,null,null,0.2,null,0.23,1.99,7.84]
[null,"D1-1-33","挖掘机挖沟槽、基坑土方 一、二类土",null,"1000m3天然密实方",0.046683,0.68,null,3.91,0.58,null,0.69,5.85]
[33,"040103001002","回填方",null,"m3","31.79",15.98,219.32,1.68,2.23,null,2.65,241.86]
[null,"D1-1-135","管(基)坑回填石屑",null,"100m3",0.3179,15.98,219.32,1.68,2.23,null,2.65,241.86,241.86]
[34,"040305001002","垫层",null,"m3","3.3",52.06,210.51,3.24,9.74,null,8.3,283.84]
[null,"D5-1-14","垫层 砂碎石",null,"10m3",0.33,52.06,210.51,3.24,9.74,null,8.29,283.85,283.84]
[35,"040501001002","混凝土管DN600",null,"m","24.6",46.62,295.23,8.5,9.71,null,8.27,368.32]
[null,"D5-1-2 换","钢筋混凝土管120°混凝土基础 管径(mm) 600以内 \u007f换为【普通预拌混凝土碎石粒径综合考虑 C20】",null,"10m3",0.4305,19.18,106.3,4.36,4.14,null,3.53,137.51,368.32]
[null,"D5-2-63","混凝土管铺设 承插式(φ150-3000) 人机配合下管管径(mm以内) 600",null,"100m",0.246,16.72,181.65,4.14,3.67,null,3.13,209.32]
[null,"D5-2-218 换","水泥砂浆接口 管径(mm以内) 600 \u007f换为【湿拌抹灰砂浆一次抹灰厚度≥5mm M20】",null,"10个口",2.46,7.72,4.07,null,1.36,null,1.16,14.31]
[null,"D5-1-95 换","管道闭水试验 管径(mm以内) 600 \u007f换为【湿拌抹灰砂浆一次抹灰厚度≥5mm M20】 \u007f换为【湿拌砌筑砂浆砌筑灰缝≥5mm M7.5】",null,"100m",0.246,3,3.2,null,0.53,null,0.45,7.18]
[36,"040504001004","污水沉砂井",null,"座","1",806.54,1837.81,74.67,155.18,null,132.18,3006.38]
[null,"D5-3-280","非定型井垫层 砂碎石",null,"10m3",0.02242,14.32,71.34,0.48,2.61,null,2.22,90.97,3006.38]
[null,"D5-3-11 换","砖砌收口式 适用管径 200-600 井径1000 井深3.5m \u007f实际高度(m):2 \u007f换为【湿拌砌筑砂浆砌筑灰缝≥5mm M10】 \u007f换为【湿拌抹灰砂浆一次抹灰厚度≥5mm M20】 \u007f换为【普通预拌混凝土碎石粒径综合考虑 C20】",null,"座",1,792.22,1746.47,74.19,152.57,null,129.96,2895.41]
[null,"补子目1","防坠网",null,"座",1,null,20,{"$nulls":4},20]
[37,"040504001005","原检查井与排水管DN600连接",null,"座","1",147.56,107.93,1.98,25.4,null,22.43,305.3]
[null,"D5-3-298 换","井壁(墙)凿洞 砖墙 24cm内  \u007f换为【湿拌抹灰砂浆一次抹灰厚度≥5mm M20】 \u007f换为【湿拌抹灰砂浆一次抹灰厚度≥5mm M20】",null,"10m2",0.0849,78,28.07,null,13.74,null,11.7,131.51,305.3]
[null,"借A1-15-205","白色灰浆二遍 墙面(各种表面)",null,"100m2",0.00452,0.99,0.18,null,0.15,null,0.15,1.47]
[null,"借A1-13-4 换","底层抹灰15mm 零星项目 \u007f实际水泥石灰砂浆厚度(mm):50 \u007f换为【湿拌抹灰砂浆一次抹灰厚度≥5mm M10】",null,"100m2",0.00603,43.26,23.74,null,6.71,null,6.49,80.2]
[null,"D5-5-3","钢筋制作、安装 圆钢 φ10mm以内",null,"t",0.006,6.14,21.21,0.7,1.2,null,1.02,30.27]
[null,"D5-3-283 换","砖砌 圆形 \u007f换为【湿拌砌筑砂浆砌筑灰缝≥5mm M10】",null,"10m3",0.0083,19.17,34.73,1.28,3.6,null,3.07,61.86]
[38,"041001001003","拆除路面",null,"m2","35",17.85,0.15,5.95,3,null,3.57,30.52]
[null,"D1-4-3 换","小型机械拆除混凝土类路面层 无筋 厚15cm内 \u007f实际厚度(cm):20",null,"100m2",0.35,12.67,0.12,4.26,2.14,null,2.54,21.73,30.52]
[null,"D1-4-11 *0.66667","小型机械拆除各类底层 厚15cm内 \u007f单价*0.66667",null,"100m2",0.35,5.17,0.03,1.69,0.87,null,1.03,8.79]
[39,"040203007003","水泥混凝土",null,"m2","35",33.65,159.13,3.62,4.23,null,5.59,206.23]
[null,"D2-2-4","集中拌合水泥石屑混合料 水泥含量 6%",null,"m3",3.5,1.09,27.66,0.81,0.22,null,0.28,30.05,206.23]
[null,"D2-2-8 换","自卸汽车运输水泥石屑(碎石)混合料 自卸汽车装载 第一个1km \u007f实际运距(km):5",null,"100m3",0.035,null,null,1.5,0.17,null,0.23,1.9]
[null,"D2-2-12 换","机械铺筑水泥石屑(碎石)混合料 厚度 15cm \u007f实际厚度(cm):10",null,"100m2",0.35,0.42,0.16,0.99,0.16,null,0.21,1.95]
[null,"D2-3-46 换","水泥混凝土路面 厚度 20cm  \u007f换为【普通预拌混凝土碎石粒径综合考虑 C30】",null,"100m2",0.35,31.37,130.66,0.32,3.6,null,4.75,170.71]
[null,"D2-3-55","水泥混凝土路面养生 水养生",null,"100m2",0.35,0.77,0.65,null,0.09,null,0.12,1.62]
[40,"011609001001","栏杆、栏板拆除",null,"m","10",21.31,null,null,3,null,3.2,27.5]
[null,"借A1-19-46","栏杆、栏板拆除 金属",null,"10m",1,21.3,null,null,3,null,3.2,27.49,27.5]
[null,"借A1-19-47","栏杆、栏板拆除 石材、混凝土等",null,"10m",0.00016,0.01,{"$nulls":5},0.01]
[41,"040309001002","镀锌钢管栏杆",null,"m","10",37.59,160.13,11.97,7.02,null,7.43,224.15]
[null,"D1-1-10","人工挖沟槽土方 一、二类土 深度在2m内",null,"100m3天然密实方",0.00016,0.05,null,null,0.01,null,0.01,0.06,224.15]
[null,"D3-1-4 换","现浇基础 混凝土 \u007f换为【普通预拌混凝土碎石粒径综合考虑 C20】",null,"10m3",0.0016,0.12,0.97,0.08,0.03,null,0.03,1.23]
[null,"借A1-16-106 换","钢栏杆 制安 \u007f",null,"100m",0.1,33.39,155.43,11.9,6.37,null,6.79,213.89]
[null,"借A1-15-124 换","防锈漆 一遍 \u007f实际防锈漆遍数(遍):2",null,"100m2",0.08615,4.03,3.73,null,0.61,null,0.61,8.98]
[42,"040103002004","余方弃置",null,"m3","52.78",0.39,null,28.72,3.67,null,4.37,37.14]
[null,"D1-1-51","挖掘机装土",null,"1000m3天然密实方",0.05278,0.39,null,1.82,0.28,null,0.33,2.82,37.14]
[null,"D1-1-53 换","自卸汽车运土方 运距1km内 \u007f实际运距(km):15",null,"1000m3天然密实方",0.05278,null,null,26.9,3.39,null,4.03,34.32]
[43,"040103002005","余方弃置",null,"m3","7.02",0.84,null,49.24,6.31,null,7.51,63.91]
[null,"D1-1-124","挖掘机挖装松散石方",null,"1000m3天然密实方",0.00702,0.84,null,7.44,1.04,null,1.24,10.56,63.91]
[null,"D1-1-126 换","自卸汽车运石方 运距1km \u007f实际运距(km):15",null,"1000m3天然密实方",0.00702,null,null,41.8,5.27,null,6.27,53.34]
[null,null,"南雅路片区"]
[44,"040101005001","提升泵井清淤",null,"m3","10",0.77,null,41.74,5.36,null,6.38,54.25]
[null,"D1-1-39","挖掘机挖装淤泥、流砂",null,"1000m3",0.01,0.77,null,7.78,1.08,null,1.28,10.92,54.25]
[null,"D1-1-55 换","自卸汽车运淤泥、流砂 运距1km内 \u007f实际运距(km):15",null,"1000m3",0.01,null,null,33.96,4.28,null,5.09,43.33]
[45,"040101005002","暗渠清淤",null,"m3","12.8",28.14,17.49,287.8,55.64,null,47.39,436.46]
[null,"2-2-26 换","管道清淤 箱涵断面3m2以内 \u007f实际运距(km):15",null,"m3",12.8,28.14,17.49,287.8,55.64,null,47.39,436.46,436.46]
[null,null,"罗边市场片区"]
[46,"010802001001","镀锌钢门",null,"m2","8.1",65.51,304.35,1.6,9.84,null,10.07,391.37]
[null,"借A1-9-162 换","围墙钢大门 钢管框金属网 制作",null,"100m2",0.081,37.62,303.84,1.6,5.75,null,5.88,354.7,391.37]
[null,"借A1-9-163","围墙钢大门 钢管框金属网 安装",null,"100m2",0.081,27.89,0.51,null,4.09,null,4.18,36.67]
[null,null,"官堂村片区"]
[47,"040504001007","更换检查井井盖防坠网",null,"座","1",22,425.44,9.99,3,null,4.8,465.23]
[null,"借R3-2-38","下水道设施零星修补 换井盖",null,"个",1,22,405.44,9.99,3,null,4.8,445.23,465.23]
[null,"补子目1","防坠网",null,"座",1,null,20,{"$nulls":4},20]
[null,null,"市新公路片区"]
[48,"040101005003","砼管清淤",null,"m","60.5",5.6,7.03,54.68,10.62,null,9.04,86.97]
[null,"2-2-6 换","管道清淤 管径900mm内 积泥1/2内 \u007f实际运距(km):15",null,"m",60.5,5.6,7.03,54.68,10.62,null,9.04,86.97,86.97]
[49,"040309001003","不锈钢护栏",null,"m","29",33.5,339.66,1.59,4.94,null,5.26,384.95]
[null,"借A1-16-108 换","不锈钢栏杆制安 直型",null,"100m",0.29,33.5,339.66,1.59,4.94,null,5.26,384.95,384.95]
[50,"040101002003","挖沟槽土方",null,"m3","315",2.24,null,3.91,0.77,null,0.92,7.84]
[null,"D1-1-10","人工挖沟槽土方 一、二类土 深度在2m内",null,"100m3天然密实方",0.1575,1.56,null,null,0.2,null,0.23,1.99,7.84]
[null,"D1-1-33","挖掘机挖沟槽、基坑土方 一、二类土",null,"1000m3天然密实方",0.29925,0.68,null,3.91,0.58,null,0.69,5.85]
[51,"040103002008","余方弃置",null,"m3","315",0.39,null,28.72,3.67,null,4.37,37.14]
[null,"D1-1-51","挖掘机装土",null,"1000m3天然密实方",0.315,0.39,null,1.82,0.28,null,0.33,2.82,37.14]
[null,"D1-1-53 换","自卸汽车运土方 运距1km内 \u007f实际运距(km):15",null,"1000m3天然密实方",0.315,null,null,26.9,3.39,null,4.03,34.32]
[null,null,"河堤旁堤身修复"]
[52,"040305003002","修复挡土墙",null,"m","64",87.94,38.54,null,12.31,null,13.19,151.98]
[null,"D7-6-32","裂缝堵漏",null,"m",64,87.94,38.54,null,12.31,null,13.19,151.98,151.98]
[53,"050101010002","整理绿化用地",null,"m2","10",1.45,0.04,null,0.19,null,0.22,1.89]
[null,"借E1-1-1","绿化地铲除杂草",null,"100m2",0.1,1.45,0.04,null,0.19,null,0.22,1.89,1.89]
[54,"011602002001","钢筋混凝土构件拆除",null,"m3","0.06",259.83,null,135.67,55.65,null,59.32,510.45]
[null,"借A1-19-9","风动凿岩机拆除现浇混凝土 钢筋混凝土构件",null,"10m3",0.006,259.83,null,135.67,55.67,null,59.33,510.5,510.45]
[55,"010502003001","异形柱",null,"m3","0.03",118,616.67,1.33,34.33,null,17.91,788.34]
[null,"借A1-5-5 换","现浇建筑物混凝土 矩形、多边形、异形、圆形柱、钢管柱 \u007f换为【普通预拌混凝土碎石粒径综合考虑 C20】",null,"10m3",0.003,118,616.67,1.33,34.33,null,18,788.33,788.34]
[56,"010503001001","基础梁",null,"m3","0.02",36.5,638.5,1.5,10.85,null,5.66,692.52]
[null,"借A1-5-8 换","现浇建筑物混凝土 基础梁 \u007f换为【普通预拌混凝土碎石粒径综合考虑 C25】",null,"10m3",0.002,36.5,638.5,1.5,11,null,5.5,692.5,692.52]
[57,"010515001001","现浇构件钢筋",null,"t","0.004",477.5,4365,52.5,152.87,null,79.76,5128.44]
[null,"借A1-5-106","现浇构件带肋钢筋 φ25以内",null,"t",0.004,477.5,4365,52.5,152.5,null,80,5127.5,5128.44]
[58,"010515001002","现浇构件钢筋",null,"t","0.001",1250,4340,60,375.34,null,195.83,6213.48]
[null,"借A1-5-111","现浇构件箍筋 圆钢 φ10以内",null,"t",0.001,1250,4340,60,380,null,200,6210,6213.48]
[59,"040101005004","挖淤泥、流砂",null,"m3","7.4",0.77,null,41.74,5.36,null,6.38,54.25]
[null,"D1-1-39","挖掘机挖装淤泥、流砂",null,"1000m3",0.0074,0.77,null,7.78,1.08,null,1.28,10.91,54.25]
[null,"D1-1-55 换","自卸汽车运淤泥、流砂 运距1km内 \u007f实际运距(km):15",null,"1000m3",0.0074,null,null,33.96,4.28,null,5.09,43.33]
[60,"040501004001","塑料管",null,"m","12",11.32,18.25,0.03,2.59,null,1.7,33.88]
[null,"D4-1-102","塑料管安装(胶圈接口) 管外径(mm以内) 125",null,"10m",1.2,9.5,16.67,0.03,2.27,null,1.43,29.9,33.88]
[null,"D5-1-94 换","管道闭水试验 管径(mm以内) 400 \u007f换为【湿拌抹灰砂浆一次抹灰厚度≥5mm M20】 \u007f换为【湿拌砌筑砂浆砌筑灰缝≥5mm M7.5】",null,"100m",0.12,1.82,1.58,null,0.32,null,0.27,3.99]
[61,"040101002004","挖沟槽土方",null,"m3","13.1",2.24,null,3.91,0.77,null,0.92,7.84]
[null,"D1-1-10","人工挖沟槽土方 一、二类土 深度在2m内",null,"100m3天然密实方",0.00655,1.56,null,null,0.2,null,0.23,1.99,7.84]
[null,"D1-1-33","挖掘机挖沟槽、基坑土方 一、二类土",null,"1000m3天然密实方",0.012445,0.68,null,3.91,0.58,null,0.69,5.85]
[62,"040103001003","回填方",null,"m3","11.41",15.98,219.32,1.68,2.23,null,2.65,241.86]
[null,"D1-1-135","管(基)坑回填石屑",null,"100m3",0.1141,15.98,219.32,1.68,2.23,null,2.65,241.86,241.86]
[63,"040305001003","垫层",null,"m3","0.85",45.65,217.73,2.92,8.55,null,7.28,282.13]
[null,"D5-1-16","垫层 石屑",null,"10m3",0.085,45.65,217.73,2.92,8.55,null,7.28,282.13,282.13]
[64,"040504001008","原检查井与排水管DN110连接",null,"座","1",22.25,23.27,0.54,3.76,null,3.42,53.23]
[null,"D5-3-298 换","井壁(墙)凿洞 砖墙 24cm内  \u007f换为【湿拌抹灰砂浆一次抹灰厚度≥5mm M20】 \u007f换为【湿拌抹灰砂浆一次抹灰厚度≥5mm M20】",null,"10m2",0.0038,3.49,1.26,null,0.61,null,0.52,5.89,53.23]
[null,"借A1-15-205","白色灰浆二遍 墙面(各种表面)",null,"100m2",0.00083,0.18,0.03,null,0.03,null,0.03,0.27]
[null,"借A1-13-4 换","底层抹灰15mm 零星项目 \u007f实际水泥石灰砂浆厚度(mm):50 \u007f换为【湿拌抹灰砂浆一次抹灰厚度≥5mm M10】",null,"100m2",0.00166,11.91,6.54,null,1.85,null,1.79,22.08]
[null,"D5-5-3","钢筋制作、安装 圆钢 φ10mm以内",null,"t",0.002,2.05,7.07,0.23,0.4,null,0.34,10.09]
[null,"D5-3-283 换","砖砌 圆形 \u007f换为【湿拌砌筑砂浆砌筑灰缝≥5mm M10】",null,"10m3",0.002,4.62,8.37,0.31,0.87,null,0.74,14.91]
[65,"040103002009","余方弃置",null,"m3","13.7",0.39,null,28.72,3.67,null,4.37,37.14]
[null,"D1-1-51","挖掘机装土",null,"1000m3天然密实方",0.0137,0.39,null,1.82,0.28,null,0.33,2.82,37.14]
[null,"D1-1-53 换","自卸汽车运土方 运距1km内 \u007f实际运距(km):15",null,"1000m3天然密实方",0.0137,null,null,26.9,3.39,null,4.03,34.32]
[66,"040103002010","余方弃置",null,"m3","0.06",0.83,null,49.33,6.31,null,7.51,63.91]
[null,"D1-1-124","挖掘机挖装松散石方",null,"1000m3天然密实方",6E-5,0.83,null,7.5,1,null,1.17,10.5,63.91]
[null,"D1-1-126 换","自卸汽车运石方 运距1km \u007f实际运距(km):15",null,"1000m3天然密实方",6E-5,null,null,41.83,5.33,null,6.33,53.33]
[null,null,"里仁洞片区"]
[67,"041001007004","蛙人下潜2m拆除砖墙",null,"m3","0.38",81.45,10526.32,null,10.27,null,12.22,10630.26]
[null,"D1-4-67","拆除砖砌其它构筑物",null,"10m3",0.038,81.45,null,null,10.26,null,12.21,103.95,10630.26]
[null,"补子目1","蛙人下潜工作",null,"次",1,null,10526.32,{"$nulls":4},10526.32]
[68,"040103002011","余方弃置",null,"m3","0.38",0.84,null,49.24,6.31,null,7.51,63.91]
[null,"D1-1-124","挖掘机挖装松散石方",null,"1000m3天然密实方",0.00038,0.84,null,7.45,1.05,null,1.24,10.55,63.91]
[null,"D1-1-126 换","自卸汽车运石方 运距1km \u007f实际运距(km):15",null,"1000m3天然密实方",0.00038,null,null,41.79,5.26,null,6.26,53.34]
[null,null,"坑头村片区"]
[69,"040101005005","提升泵井清淤",null,"m3","20",0.77,null,41.74,5.36,null,6.38,54.25]
[null,"D1-1-39","挖掘机挖装淤泥、流砂",null,"1000m3",0.02,0.77,null,7.78,1.08,null,1.28,10.91,54.25]
[null,"D1-1-55 换","自卸汽车运淤泥、流砂 运距1km内 \u007f实际运距(km):15",null,"1000m3",0.02,null,null,33.96,4.28,null,5.09,43.33]
[70,"040504001009","污水检查井",null,"座","2",670.07,1586.85,84.73,131.81,null,113.22,2586.67]
[null,"D5-3-280","非定型井垫层 砂碎石",null,"10m3",0.04485,14.32,71.36,0.49,2.61,null,2.22,90.99,2586.67]
[null,"D5-3-11 换","砖砌收口式 适用管径 200-600 井径1000 井深3.5m \u007f实际高度(m):1.2 \u007f换为【湿拌砌筑砂浆砌筑灰缝≥5mm M10】 \u007f换为【湿拌抹灰砂浆一次抹灰厚度≥5mm M20】 \u007f换为【普通预拌混凝土碎石粒径综合考虑 C20】",null,"座",2,643.5,1495.49,74.19,126.39,null,107.65,2447.22]
[null,"补子目1","防坠网",null,"座",2,null,20,{"$nulls":4},20]
[null,"D1-1-10","人工挖沟槽土方 一、二类土 深度在2m内",null,"100m3天然密实方",0.002205,3.44,null,null,0.44,null,0.52,4.39]
[null,"D1-1-33","挖掘机挖沟槽、基坑土方 一、二类土",null,"1000m3天然密实方",0.00419,1.5,null,8.62,1.28,null,1.52,12.9]
[null,"D1-1-133","回填土 夯实机夯实 槽、坑",null,"100m3压实方",0.0119,7.32,null,1.44,1.11,null,1.32,11.17]
[71,"040501004002","塑料管",null,"m","52",11.32,18.25,0.03,2.59,null,1.7,33.88]
[null,"D4-1-102","塑料管安装(胶圈接口) 管外径(mm以内) 125",null,"10m",5.2,9.5,16.67,0.03,2.27,null,1.43,29.9,33.88]
[null,"D5-1-94 换","管道闭水试验 管径(mm以内) 400 \u007f换为【湿拌抹灰砂浆一次抹灰厚度≥5mm M20】 \u007f换为【湿拌砌筑砂浆砌筑灰缝≥5mm M7.5】",null,"100m",0.52,1.82,1.58,null,0.32,null,0.27,3.99]
[72,"040101002005","挖沟槽土方",null,"m3","39.08",2.24,null,3.91,0.77,null,0.92,7.84]
[null,"D1-1-10","人工挖沟槽土方 一、二类土 深度在2m内",null,"100m3天然密实方",0.01954,1.56,null,null,0.2,null,0.23,1.99,7.84]
[null,"D1-1-33","挖掘机挖沟槽、基坑土方 一、二类土",null,"1000m3天然密实方",0.037126,0.68,null,3.91,0.58,null,0.69,5.85]
[73,"040103001004","回填方",null,"m3","31.72",15.98,219.32,1.68,2.23,null,2.65,241.86]
[null,"D1-1-135","管(基)坑回填石屑",null,"100m3",0.3172,15.98,219.32,1.68,2.23,null,2.65,241.86,241.86]
[74,"040305001004","垫层",null,"m3","3.69",45.64,217.73,2.92,8.55,null,7.28,282.13]
[null,"D5-1-16","垫层 石屑",null,"10m3",0.369,45.64,217.73,2.92,8.55,null,7.28,282.13,282.13]
[75,"041001001005","拆除路面",null,"m2","55",17.85,0.15,5.95,3,null,3.57,30.52]
[null,"D1-4-3 换","小型机械拆除混凝土类路面层 无筋 厚15cm内 \u007f实际厚度(cm):20",null,"100m2",0.55,12.67,0.12,4.26,2.14,null,2.54,21.73,30.52]
[null,"D1-4-11 *0.66667","小型机械拆除各类底层 厚15cm内 \u007f单价*0.66667",null,"100m2",0.55,5.17,0.03,1.69,0.87,null,1.03,8.79]
[76,"040203007005","水泥混凝土",null,"m2","55",33.65,159.13,3.62,4.23,null,5.59,206.23]
[null,"D2-2-4","集中拌合水泥石屑混合料 水泥含量 6%",null,"m3",5.5,1.09,27.66,0.81,0.22,null,0.28,30.05,206.23]
[null,"D2-2-8 换","自卸汽车运输水泥石屑(碎石)混合料 自卸汽车装载 第一个1km \u007f实际运距(km):5",null,"100m3",0.055,null,null,1.5,0.17,null,0.23,1.9]
[null,"D2-2-12 换","机械铺筑水泥石屑(碎石)混合料 厚度 15cm \u007f实际厚度(cm):10",null,"100m2",0.55,0.42,0.16,0.99,0.16,null,0.21,1.95]
[null,"D2-3-46 换","水泥混凝土路面 厚度 20cm \u007f换为【普通预拌混凝土碎石粒径综合考虑 C30】",null,"100m2",0.55,31.37,130.66,0.32,3.6,null,4.75,170.71]
[null,"D2-3-55","水泥混凝土路面养生 水养生",null,"100m2",0.55,0.77,0.65,null,0.09,null,0.12,1.62]
[77,"040103002012","余方弃置",null,"m3","48.9",0.39,null,28.72,3.67,null,4.37,37.14]
[null,"D1-1-51","挖掘机装土",null,"1000m3天然密实方",0.0489,0.39,null,1.82,0.28,null,0.33,2.82,37.14]
[null,"D1-1-53 换","自卸汽车运土方 运距1km内 \u007f实际运距(km):15",null,"1000m3天然密实方",0.0489,null,null,26.9,3.39,null,4.03,34.32]
[78,"040103002013","余方弃置",null,"m3","11",0.84,null,49.24,6.31,null,7.51,63.91]
[null,"D1-1-124","挖掘机挖装松散石方",null,"1000m3天然密实方",0.011,0.84,null,7.44,1.04,null,1.24,10.56,63.91]
[null,"D1-1-126 换","自卸汽车运石方 运距1km \u007f实际运距(km):15",null,"1000m3天然密实方",0.011,null,null,41.8,5.27,null,6.27,53.34]
[null,null,"合计",{"$nulls":3},11582.08,56985.5,3363.97,2657.09,null,2241.45,76822.64,76822.64]

{"sheet":"表-11 总价措施项目清单与计价表","index":3,"n_rows":11,"n_cols":10,"rows_kept":11,"merged":[[0,0,0,10],[1,0,1,4],[1,5,1,7],[1,8,1,10],[2,4,2,5],[2,7,2,8],[3,4,3,5],[3,7,3,8],[4,4,4,5],[4,7,4,8],[5,4,5,5],[5,7,5,8],[6,4,6,5],[6,7,6,8],[7,4,7,5],[7,7,7,8],[8,4,8,5],[8,7,8,8],[9,4,9,5],[9,7,9,8],[10,0,10,5],[10,7,10,8],[11,0,11,4],[11,5,11,10]]}
["总价措施项目清单与计价表"]
["工程名称：南村镇黑臭水体治理迎检应急工程",{"$nulls":4},"标段：",null,null,"第 1 页  共 1 页"]
["序号","项目编码","项目名称","计算基础","费率\n(%)",null,"金额\n(元)","调整\n费率(%)",null,"调整后\n金额(元)"]
["1","LSSGCSF00001","绿色施工安全防护措施费","分部分项人工费+分部分项机具费","19.8",null,48511.72]
["2","粤041109009001","文明工地增加费","分部分项人工费+分部分项机具费","0"]
["3","041109002001","夜间施工增加费",null,"20"]
["4","041109005001","交通疏解员增加费",null,"15"]
["5","041108001001","地下管线交叉降效费",null,"0"]
["6","粤041109008001","赶工措施费","分部分项人工费+分部分项机具费","0"]
["7","QTFY00000001","其他费用"]
["合    计",{"$nulls":5},48511.72]

{"sheet":"表-12 其他项目清单与计价汇总表","index":4,"n_rows":17,"n_cols":7,"rows_kept":17,"merged":[[0,0,0,4],[0,5,0,6],[1,0,1,6],[2,0,2,2],[2,3,2,4],[2,5,2,6],[3,2,3,3],[3,4,3,5],[4,2,4,3],[4,4,4,5],[5,2,5,3],[5,4,5,5],[6,2,6,3],[6,4,6,5],[7,2,7,3],[7,4,7,5],[8,2,8,3],[8,4,8,5],[9,2,9,3],[9,4,9,5],[10,2,10,3],[10,4,10,5],[11,2,11,3],[11,4,11,5],[12,2,12,3],[12,4,12,5],[13,2,13,3],[13,4,13,5],[14,2,14,3],[14,4,14,5],[15,2,15,3],[15,4,15,5],[16,2,16,3],[16,4,16,5]]}
[]
["其他项目清单与计价汇总表"]
["工程名称：南村镇黑臭水体治理迎检应急工程",null,null,"标段：",null,"第 1 页  共 1 页"]
["序号","项目名称","金额（元）",null,"结算金额（元）",null,"备注"]
["1","暂列金额",{"$nulls":4},"明细详见表-12-1"]
["2","暂估价"]
["2.1","材料暂估价","—",{"$nulls":3},"明细详见表-12-2"]
["2.2","专业工程暂估价",{"$nulls":4},"明细详见表-12-3"]
["3","计日工",{"$nulls":4},"明细详见表-12-4"]
["4","总承包服务费",{"$nulls":4},"明细详见表-12-5"]
["5","预算包干费","14700.52"]
["6","工程优质费"]
["7","概算幅度差"]
["8","现场签证费用"]
["9","索赔费用"]
["10","其他费用"]
[null,"合  计","14700.52",{"$nulls":3},"—"]

{"sheet":"表-13 规费、税金项目清单与计价表","index":5,"n_rows":5,"n_cols":8,"rows_kept":5,"merged":[[0,0,0,7],[1,0,1,2],[1,3,1,5],[1,6,1,7],[2,2,2,3],[2,5,2,6],[3,2,3,3],[3,5,3,6],[4,0,4,6],[5,0,5,2],[5,3,5,7]]}
["规费、税金项目清单与计价表"]
["工程名称：南村镇黑臭水体治理迎检应急工程",null,null,"标段：",null,null,"第 1 页  共 1 页"]
["序号","项目名称","计算基础",null,"取费基数","计算费率\n(%)",null,"金额(元)"]
["1","增值税销项税额","分部分项合计+措施合计+其他项目",null,895057.73,"9",null,80555.2]
["合    计",{"$nulls":6},80555.2]

{"sheet":"5.1-1单位工程人材机汇总表","index":6,"n_rows":136,"n_cols":9,"rows_kept":136,"merged":[[0,0,0,8],[1,0,1,5],[1,7,1,8],[2,5,2,7],[3,5,3,7],[4,5,4,7],[5,5,5,7],[6,5,6,7],[7,5,7,7],[8,5,8,7],[9,5,9,7],[10,5,10,7],[11,5,11,7],[12,5,12,7],[13,5,13,7],[14,5,14,7],[15,5,15,7],[16,5,16,7],[17,5,17,7],[18,5,18,7],[19,5,19,7],[20,5,20,7],[21,5,21,7],[22,5,22,7],[23,5,23,7],[24,5,24,7],[25,5,25,7],[26,5,26,7],[27,5,27,7],[28,5,28,7],[29,5,29,7],[30,5,30,7],[31,5,31,7],[32,5,32,7],[33,5,33,7],[34,5,34,7],[35,5,35,7],[36,5,36,7],[37,5,37,7],[38,5,38,7],[39,5,39,7],[40,5,40,7],[41,5,41,7],[42,5,42,7],[43,5,43,7],[44,5,44,7],[45,5,45,7],[46,5,46,7],[47,5,47,7],[48,5,48,7],[49,5,49,7],[50,5,50,7],[51,5,51,7],[52,5,52,7],[53,5,53,7],[54,5,54,7],[55,5,55,7],[56,5,56,7],[57,5,57,7],[58,5,58,7],[59,5,59,7],[60,5,60,7],[61,5,61,7],[62,5,62,7],[63,5,63,7],[64,5,64,7],[65,5,65,7],[66,5,66,7],[67,5,67,7],[68,5,68,7],[69,5,69,7],[70,5,70,7],[71,5,71,7],[72,5,72,7],[73,5,73,7],[74,5,74,7],[75,5,75,7],[76,5,76,7],[77,5,77,7],[78,5,78,7],[79,5,79,7],[80,5,80,7],[81,5,81,7],[82,5,82,7],[83,5,83,7],[84,5,84,7],[85,5,85,7],[86,5,86,7],[87,5,87,7],[88,5,88,7],[89,5,89,7],[90,5,90,7],[91,5,91,7],[92,5,92,7],[93,5,93,7],[94,5,94,7],[95,5,95,7],[96,5,96,7],[97,5,97,7],[98,5,98,7],[99,5,99,7],[100,5,100,7],[101,5,101,7],[102,5,102,7],[103,5,103,7],[104,5,104,7],[105,5,105,7],[106,5,106,7],[107,5,107,7],[108,5,108,7],[109,5,109,7],[110,5,110,7],[111,5,111,7],[112,5,112,7],[113,5,113,7],[114,5,114,7],[115,5,115,7],[116,5,116,7],[117,5,117,7],[118,5,118,7],[119,5,119,7],[120,5,120,7],[121,5,121,7],[122,5,122,7],[123,5,123,7],[124,5,124,7],[125,5,125,7],[126,5,126,7],[127,5,127,7],[128,5,128,7],[129,5,129,7],[130,5,130,7],[131,5,131,7],[132,5,132,7],[133,5,133,7],[134,5,134,7],[135,5,135,7]]}
["单位工程人材机汇总表"]
["工程名称：南村镇黑臭水体治理迎检应急工程",{"$nulls":6},"第 1 页  共 1 页"]
["序号","编码","名称及规格","单位","数量","单价\n（元）",null,null,"合价\n（元）"]
[1,"0001001","综合工日","工日",0.2,110,null,null,22]
[2,"00010010","人工费","元","233042.9538",1,null,null,233042.95]
[3,"01000001","型钢综合","kg",126.4924,5.99,null,null,757.69]
[4,"01010030","热轧圆盘条φ10以内","t",0.5854,3407,null,null,1994.46]
[5,"01010035","热轧圆盘条φ12~25","t",0.7914,3386,null,null,2679.68]
[6,"01010040","螺纹钢筋φ25以内","t",0.0041,4176.4,null,null,17.12]
[7,"01010087","钢筋φ16","kg",0.2,4.16,null,null,0.83]
[8,"01010125","螺纹钢筋φ10~25","t",0.7988,4156.07,null,null,3319.87]
[9,"01030031","镀锌低碳钢丝φ0.7~1.2","kg",0.0885,5.58,null,null,0.49]
[10,"01030035","镀锌低碳钢丝φ1.2~2.5","kg",9.1125,5.58,null,null,50.85]
[11,"01030055","镀锌低碳钢丝φ2.5~4.0","kg",1.3213,5.58,null,null,7.37]
[12,"01090022","圆钢φ10以内","t",0.001,4192.54,null,null,4.19]
[13,"01130001","扁钢综合","t",0.013,4229.08,null,null,54.98]
[14,"01150002","六角空心钢综合","kg",2.1398,4.01,null,null,8.58]
[15,"01610020","钨棒","kg",1.833,23.77,null,null,43.57]
[16,"02090090","塑料薄膜","m2",101.9404,0.26,null,null,26.5]
[17,"02190010","尼龙编织袋","个",43.7794,1.72,null,null,75.3]
[18,"02270070","土工布","m2",0.1623,6.69,null,null,1.09]
[19,"03010065","铁钉","kg",0.0002,7.56]
[20,"03010430","六角螺栓综合","kg",0.5354,5.58,null,null,2.99]
[21,"03019001","圆钉综合","kg",7.8107,5.36,null,null,41.87]
[22,"03019021","圆钉50~75","kg",2.7861,3.54,null,null,9.86]
[23,"03134011","水砂纸","张",4.48,0.77,null,null,3.45]
[24,"03135001","低碳钢焊条综合","kg",85.9299,6.01,null,null,516.44]
[25,"03136071","不锈钢焊丝","kg",4.173,25.32,null,null,105.66]
[26,"03139131","合金钢钻头一字型","个",1.3417,4.74,null,null,6.36]
[27,"03139531","合金钎头φ150","个",0.0275,141.03,null,null,3.88]
[28,"03210295","不锈钢法兰座(装饰用)φ59","个",22.5069,8.15,null,null,183.43]
[29,"03213001","铁件综合","kg",71.4367,6.8,null,null,485.77]
[30,"04010001","水泥 综合","kg",53.307,0.37,null,null,19.72]
[31,"04010015","复合普通硅酸盐水泥P.C 32.5","t",5.2324,389.38,null,null,2037.39]
[32,"04010035","复合普通硅酸盐水泥P.O 42.5","kg",64,0.52,null,null,33.28]
[33,"04030015","中砂","m3",18.6523,278.97,null,null,5203.43]
[34,"04030015@1","粘土","m3",0.0014,35,null,null,0.05]
[35,"04050040","碎石40","m3",25.8254,250.46,null,null,6468.23]
[36,"04050040@3","砾石","m3",18.5005,86.16,null,null,1594]
[37,"04050225","毛石","m3",186.5147,208.89,null,null,38961.06]
[38,"04070045","石屑","m3",538.7089,162.88,null,null,87744.91]
[39,"04090045","饰灰","kg",0.3236,1.2,null,null,0.39]
[40,"04130001","标准砖240×115×53","千块",8.3398,409.74,null,null,3417.15]
[41,"04130001@1","标准砖240×115×53","千块",0.0964,409.74,null,null,39.5]
[42,"05010020","松杂原木综合","m3",14.7408,892.93,null,null,13162.5]
[43,"05030060","板枋材综合","m3",0.6353,1592.08,null,null,1011.45]
[44,"05030080","松杂板枋材","m3",0.0972,1348.1,null,null,131.04]
[45,"05150010","木丝板25×610×1830","m2",19.584,5.69,null,null,111.43]
[46,"13050450","酚醛铁红防锈漆","kg",1.8333,16.77,null,null,30.74]
[47,"13050500","油性防锈漆","kg",0.695,13.2,null,null,9.17]
[48,"13310070","石油沥青30#","kg",184.32,3.21,null,null,591.67]
[49,"13350250","模板嵌缝料","kg",0.0415,1.71,null,null,0.07]
[50,"13410010","嵌缝料","kg",0.4435,0.58,null,null,0.26]
[51,"14010030","松节油","kg",0.5729,8.84,null,null,5.06]
[52,"14030010","柴油","kg",12.3917,5.1,null,null,63.2]
[53,"14050050","溶剂油","kg",0.0348,3.94,null,null,0.14]
[54,"14090040","润滑脂","kg",0.512,34.61,null,null,17.72]
[55,"14210050","环氧树脂综合","kg",5.85,24.89,null,null,145.61]
[56,"14330030","丙酮","kg",35.84,9.74,null,null,349.08]
[57,"14350001","EAA环氧剂","kg",38.656,38.62,null,null,1492.89]
[58,"14350060","SH掺加剂","kg",5.44,12.87,null,null,70.01]
[59,"14350250","隔离剂","kg",0.4435,7.05,null,null,3.13]
[60,"14350630","脱模剂","kg",5.3212,5.13,null,null,27.3]
[61,"14390060","氩气","m3",13.143,12.08,null,null,158.77]
[62,"14390070","氧气","m3",0.358,5.16,null,null,1.85]
[63,"14390100","乙炔气","kg",0.1588,13.3,null,null,2.11]
[64,"17010050","焊接钢管综合","t",0.0868,4055.1,null,null,351.98]
[65,"17010058","焊接钢管DN40","m",0.0583,16.09,null,null,0.94]
[66,"17030010@1","镀锌钢管DN15*2.8mm","m",71.25,7.21,null,null,513.71]
[67,"17030050@1","镀锌钢管DN25*3.2mm","m",20,13.82,null,null,276.4]
[68,"17030050@2","镀锌钢管DN50*3.8mm","m",67.5,28.71,null,null,1937.93]
[69,"17030060@1","镀锌钢管DN50*3.8mm","m",23.5,31.88,null,null,749.18]
[70,"17050020@2","不锈钢管DN25*1mm","m",300.036,13.5,null,null,4050.49]
[71,"17050050@2","不锈钢管DN40*1.5mm","m",78,37.13,null,null,2896.14]
[72,"17050060@2","不锈钢管DN65*1.5","m",64.1,65.71,null,null,4212.01]
[73,"17050060@3","不锈钢管DN65*1.5mm","m",23,65.71,null,null,1511.33]
[74,"17130001","铝管","kg",17.92,17.15,null,null,307.33]
[75,"17250080","塑料排水管DN50","m",23.409,4.89,null,null,114.47]
[76,"17250700","PVC塑料管φ150","m",0.7,29.21,null,null,20.45]
[77,"17270090","高压风管","m",0.1605,21.88,null,null,3.51]
[78,"17270120","橡胶管综合","m",2.9145,17.09,null,null,49.81]
[79,"17270300","耐压管","kg",8.96,16.31,null,null,146.14]
[80,"19030130","法兰闸阀DN150","个",0.5,317.3,null,null,158.65]
[81,"33010285","塑钢踏步","kg",27.036,6.29,null,null,170.06]
[82,"34110010","水","m3",314.0551,4.58,null,null,1438.37]
[83,"34110010@1","水","m3",0.0511,4.58,null,null,0.23]
[84,"35010010","钢模板","kg",21.9122,4.44,null,null,97.29]
[85,"35090210","拉森钢板桩","t",4.7114,4400,null,null,20730.16]
[86,"99450760","其他材料费","元",2015.3804,1,null,null,2015.38]
[87,"9946131","其他材料费","元",0.86,1,null,null,0.86]
[88,"BCCLF0@1","蛙人下潜工作","次",2,4000,null,null,8000]
[89,"BCCLF0@2","防坠网","座",8,20,null,null,160]
[90,"BCCLF1","密扣式施工护栏","m",31,13,null,null,403]
[91,"CLFTZ","材料费调整","元",-0.2325,1,null,null,-0.23]
[92,"FKWC0165","堵漏王","kg",17.364,6.88,null,null,119.46]
[93,"FKWC0174","长管式呼吸器","个",0.028,350,null,null,9.8]
[94,"FKWC0181","防水衣裤","套",1.0453,140,null,null,146.34]
[95,"FKWC0182","长袖胶手套","双",4.5511,10,null,null,45.51]
[96,"FKWC0184","防水头灯","个",0.3639,28,null,null,10.19]
[97,"8021902","普通预拌混凝土碎石粒径综合考虑 C15","m3",28.7971,573,null,null,16500.74]
[98,"8021903","普通预拌混凝土碎石粒径综合考虑 C20","m3",25.1561,592,null,null,14892.41]
[99,"8021904","普通预拌混凝土碎石粒径综合考虑 C25","m3",0.0202,613,null,null,12.38]
[100,"8021905","普通预拌混凝土碎石粒径综合考虑 C30","m3",27.4705,630,null,null,17306.42]
[101,"8005902","湿拌砌筑砂浆砌筑灰缝≥5mm M7.5","m3",48.9633,622,null,null,30455.17]
[102,"8005903","湿拌砌筑砂浆砌筑灰缝≥5mm M10","m3",3.7863,627,null,null,2374.01]
[103,"8005906","湿拌抹灰砂浆一次抹灰厚度≥5mm M5","m3",0.0047,627,null,null,2.95]
[104,"8005907","湿拌抹灰砂浆一次抹灰厚度≥5mm M10","m3",3.4364,637,null,null,2188.99]
[105,"8005909","湿拌抹灰砂浆一次抹灰厚度≥5mm M20","m3",4.8141,662,null,null,3186.93]
[106,"02050001@1","橡胶圈 110","个",13.184,1.77,null,null,23.34]
[107,"17250040@1","PVC DN110","m",64,15.7,null,null,1004.8]
[108,"17290070@1","钢筋混凝土管DN600","m",24.846,178.71,null,null,4440.23]
[109,"17290070@3","钢筋混凝土管D600","m",106.757,178.71,null,null,19078.54]
[110,"3301381@1","球墨铸铁井盖φ700","个",1.01,400.57,null,null,404.58]
[111,"36010080@1","球墨铸铁井盖φ700","套",7,400.57,null,null,2803.99]
[112,"00010003","机上人工","工日",195.8814,230,null,null,45052.72]
[113,"99450630","折旧费","元",30000.2169,1,null,null,30000.22]
[114,"99450640","检修费","元",9137.6641,1,null,null,9137.66]
[115,"99450650","维护费","元",22788.2681,1,null,null,22788.27]
[116,"99450660","安拆费","元",826.0304,1,null,null,826.03]
[117,"99450670","汽油(机械用)国Ⅲ93#","kg",66.6043,5.52,null,null,367.66]
[118,"99450680","柴油(机械用)0#","kg",6929.9941,5.1,null,null,35342.97]
[119,"99450680@1","柴油(机械用)0#","kg",0.0259,5.1,null,null,0.13]
[120,"99450700","电(机械用)","kw·h",2691.8062,0.77,null,null,2072.69]
[121,"99451300","校验费","元",37.197,1,null,null,37.2]
[122,"9946001","折旧费","元",0.8879,1,null,null,0.89]
[123,"9946011","大修理费","元",0.1382,1,null,null,0.14]
[124,"9946021","经常修理费","元",0.7754,1,null,null,0.78]
[125,"9946041","汽油(机械用)国Ⅲ93#","kg",0.7644,5.52,null,null,4.22]
[126,"9946111","其他费用","元",0.6672,1,null,null,0.67]
[127,"9946606","机上人工","工日",0.03,110,null,null,3.3]
[128,"FKWJ0003","CCTV检测车","台班",0.4852,1726.44,null,null,837.67]
[129,"FKWJ0028","液压动力渣浆泵4寸","台班",0.76,297.6,null,null,226.18]
[130,"FKWJ0033","多功能高压疏通车罐容量 12000(L)","台班",1.7265,3065.3,null,null,5292.24]
[131,"FKWJ0034","对讲机(防爆)(一对)5(km)","台班",0.7296,40,null,null,29.18]
[132,"JXFTZ","机械费调整","元",0.0389,1,null,null,0.04]
[null,null,"合计",{"$nulls":5},723714.77]